Statistics for All Cities in Germany on a Map

Click here to take the quiz!

General Stats

  • This quiz has been taken 1,493 times
  • The average score is 107 of 2055

Answers on the Map

Answers color-coded by a green-red scale on the quiz's map according to % correct below.
 

Answer Stats

StateStarting LetterPopulationCity% Correct
BerlinB3,664,088Berlin
93%
BavariaM1,488,202Munich
89%
HamburgH1,852,478Hamburg
87%
HesseF764,104Frankfurt am Main
86%
BrandenburgF57,015Frankfurt (Oder)
85%
North Rhine-WestphaliaC1,083,498Cologne
84%
Baden-WürttembergS630,305Stuttgart
81%
North Rhine-WestphaliaD620,523Dusseldorf
79%
BremenB566,573Bremen
77%
SaxonyD556,227Dresden
77%
North Rhine-WestphaliaH30,263Haan
76%
SaxonyL597,493Leipzig
75%
BavariaN515,543Nuremberg
75%
North Rhine-WestphaliaD587,696Dortmund
72%
North Rhine-WestphaliaE582,415Essen
72%
Lower SaxonyH534,049Hanover
72%
North Rhine-WestphaliaB330,579Bonn
69%
Schleswig-HolsteinK246,601Kiel
68%
Baden-WürttembergA2,314Aach
64%
Baden-WürttembergM309,721Mannheim
63%
North Rhine-WestphaliaA248,878Aachen
62%
BrandenburgP182,112Potsdam
61%
SaarlandS179,349Saarbrücken
59%
Rhineland-PalatinateM217,123Mainz
58%
Baden-WürttembergF230,940Freiburg im Breisgau
57%
BavariaA295,830Augsburg
56%
North Rhine-WestphaliaB333,509Bielefeld
54%
North Rhine-WestphaliaM316,403Münster
54%
Lower SaxonyM15,134Munster
54%
Mecklenburg-Western PomeraniaR209,061Rostock
54%
North Rhine-WestphaliaD495,885Duisburg
53%
Schleswig-HolsteinL215,846Lübeck
53%
Schleswig-HolsteinH21,485Heide
52%
Baden-WürttembergU126,405Ulm
52%
Baden-WürttembergK308,436Karlsruhe
50%
Saxony-AnhaltM235,775Magdeburg
50%
ThuringiaE213,692Erfurt
49%
Baden-WürttembergH158,741Heidelberg
48%
North Rhine-WestphaliaW355,004Wuppertal
48%
North Rhine-WestphaliaB364,454Bochum
47%
SaxonyB9,145Brand-Erbisdorf
47%
BremenB113,557Bremerhaven
47%
Lower SaxonyW123,840Wolfsburg
47%
SaxonyC244,401Chemnitz
45%
BrandenburgB72,040Brandenburg an der Havel
44%
ThuringiaJ110,731Jena
42%
HesseK201,048Kassel
42%
North Rhine-WestphaliaM259,665Mönchengladbach
42%
BavariaR10,888Regen
42%
BavariaR152,270Regensburg
42%
Rhineland-PalatinateT110,674Trier
42%
HesseW278,609Wiesbaden
42%
Baden-WürttembergB55,449Baden-Baden
41%
Saxony-AnhaltH237,865Halle (Saale)
41%
North Rhine-WestphaliaH21,448Halle (Westf.)
41%
BavariaI136,952Ingolstadt
41%
Mecklenburg-Western PomeraniaB5,359Burg Stargard
40%
HesseD159,174Darmstadt
40%
Rhineland-PalatinateK113,388Koblenz
40%
Lower SaxonyO169,605Oldenburg
40%
Schleswig-HolsteinO9,851Oldenburg in Holstein
40%
Lower SaxonyO164,223Osnabrück
40%
Rhineland-PalatinateB7,092Bernkastel-Kues
39%
Lower SaxonyB248,561Braunschweig
39%
North Rhine-WestphaliaG259,105Gelsenkirchen
39%
Schleswig-HolsteinF89,934Flensburg
38%
HesseO15,127Ober-Ramstadt
38%
BavariaW126,954Würzburg
38%
Rhineland-PalatinateK99,662Kaiserslautern
37%
North Rhine-WestphaliaL163,905Leverkusen
36%
Mecklenburg-Western PomeraniaS95,609Schwerin
36%
BrandenburgC98,693Cottbus (Chóśebuz)
35%
Baden-WürttembergK84,446Konstanz
33%
ThuringiaW65,098Weimar
33%
Lower SaxonyG116,845Göttingen
32%
North Rhine-WestphaliaP151,864Paderborn
32%
North Rhine-WestphaliaH178,967Hamm
31%
Rhineland-PalatinateL172,557Ludwigshafen am Rhein
31%
BavariaP52,415Passau
31%
Rhineland-PalatinateW83,459Worms
31%
BavariaB76,674Bamberg
30%
BavariaF128,223Fürth
30%
BavariaF8,923Furth im Wald
30%
ThuringiaG92,126Gera
30%
BavariaH45,173Hof
30%
SaxonyZ87,516Zwickau
30%
Lower SaxonyG30,966Geestland (Langen - Bad Bederkesa)
28%
HesseF67,980Fulda
27%
HesseL5,716Leun
27%
North Rhine-WestphaliaO209,566Oberhausen
27%
Baden-WürttembergP126,016Pforzheim
27%
BavariaB74,048Bayreuth
26%
Baden-WürttembergH126,458Heilbronn
26%
HesseO130,892Offenbach am Main
26%
North Rhine-WestphaliaW95,876Witten
26%
BavariaE112,385Erlangen
25%
North Rhine-WestphaliaK226,844Krefeld
25%
Baden-WürttembergT91,077Tübingen
25%
Lower SaxonyW75,189Wilhelmshaven
25%
SaxonyG55,784Görlitz
24%
North Rhine-WestphaliaH188,687Hagen
24%
Baden-WürttembergT12,216Titisee-Neustadt
24%
Saxony-AnhaltB22,240Burg (b. Magdeburg)
23%
HesseH97,137Hanau
23%
Lower SaxonyH101,055Hildesheim
23%
North Rhine-WestphaliaS159,193Solingen
23%
North Rhine-WestphaliaB111,636Bergisch Gladbach
22%
BavariaD47,680Dachau
22%
HesseG90,131Gießen
22%
Baden-WürttembergL93,358Ludwigsburg
22%
Lower SaxonyL75,301Lüneburg
22%
North Rhine-WestphaliaN153,109Neuss
22%
Baden-WürttembergR116,031Reutlingen
22%
BavariaC40,842Coburg
21%
Saxony-AnhaltD79,354Dessau-Roßlau
21%
HesseM76,401Marburg
21%
BavariaN13,224Neustadt a.d. Aisch
21%
BavariaN14,493Neustadt a.d. Donau
21%
BavariaN5,723Neustadt a.d. Waldnaab
21%
BavariaN1,129Neustadt am Kulm
21%
Lower SaxonyN44,586Neustadt am Rübenberge
21%
ThuringiaN9,095Neustadt an der Orla
21%
Rhineland-PalatinateN53,306Neustadt an der Weinstraße
21%
BavariaN14,995Neustadt b. Coburg
21%
BrandenburgN3,395Neustadt (Dosse)
21%
Mecklenburg-Western PomeraniaN6,997Neustadt-Glewe
21%
HesseN9,947Neustadt (Hessen)
21%
Schleswig-HolsteinN15,154Neustadt in Holstein
21%
SaxonyN11,962Neustadt in Sachsen
21%
North Rhine-WestphaliaS101,943Siegen
21%
Mecklenburg-Western PomeraniaS59,205Stralsund
21%
Baden-WürttembergA68,361Aalen
20%
North Rhine-WestphaliaA52,635Ahlen
20%
Lower SaxonyC48,326Cuxhaven
20%
Lower SaxonyE49,874Emden
20%
Mecklenburg-Western PomeraniaG59,282Greifswald
20%
BavariaN58,841Neu-Ulm
20%
Baden-WürttembergR50,776Ravensburg
20%
BavariaA70,858Aschaffenburg
19%
North Rhine-WestphaliaB117,388Bottrop
19%
Baden-WürttembergE92,722Esslingen am Neckar
19%
North Rhine-WestphaliaH156,940Herne
19%
Baden-WürttembergM19,119Müllheim
19%
Mecklenburg-Western PomeraniaN63,372Neubrandenburg
19%
BavariaR63,591Rosenheim
19%
Baden-WürttembergV85,686Villingen-Schwenningen
19%
Mecklenburg-Western PomeraniaW42,824Wismar
19%
Saxony-AnhaltW45,425Wittenberg
19%
Mecklenburg-Western PomeraniaW6,303Wittenburg
19%
Lower SaxonyC69,399Celle
18%
Baden-WürttembergF61,221Friedrichshafen
18%
ThuringiaG45,273Gotha
18%
North Rhine-WestphaliaG100,664Gütersloh
18%
North Rhine-WestphaliaM170,921Mülheim an der Ruhr
18%
Rhineland-PalatinateM11,185Mülheim-Kärlich
18%
Lower SaxonyS103,866Salzgitter
18%
Mecklenburg-Western PomeraniaB13,572Bergen auf Rügen
17%
North Rhine-WestphaliaD91,272Düren
17%
Baden-WürttembergH49,342Heidenheim an der Brenz
17%
North Rhine-WestphaliaI91,815Iserlohn
17%
Schleswig-HolsteinN79,905Neumünster
17%
North Rhine-WestphaliaR110,705Recklinghausen
17%
Lower SaxonyB13,382Bergen
16%
ThuringiaE41,970Eisenach
16%
SaarlandH41,790Homburg
16%
BavariaK68,940Kempten (Allgäu)
16%
BrandenburgK38,111Königs Wusterhausen
16%
BavariaL73,065Landshut
16%
BavariaL25,543Lindau (Bodensee)
16%
BavariaM44,360Memmingen
16%
North Rhine-WestphaliaM103,487Moers
16%
Baden-WürttembergO60,388Offenburg
16%
BavariaR25,232Roth
16%
SaarlandS34,409Saarlouis
16%
BavariaS53,319Schweinfurt
16%
SaxonyA20,084Aue-Bad Schlema
15%
SaxonyB38,006Bautzen (Budyšin)
15%
North Rhine-WestphaliaR111,516Remscheid
15%
Schleswig-HolsteinS25,322Schleswig
15%
Rhineland-PalatinateS50,741Speyer
15%
Lower SaxonyG50,184Goslar
14%
North Rhine-WestphaliaK52,359Kleve
14%
BavariaL13,698Landau a.d. Isar
14%
Rhineland-PalatinateL46,685Landau in der Pfalz
14%
North Rhine-WestphaliaM81,592Minden
14%
Mecklenburg-Western PomeraniaP6,055Plau am See
14%
BavariaR11,273Rothenburg ob der Tauber
14%
SaxonyR4,405Rothenburg/O.L.
14%
BavariaA41,681Ansbach
13%
Saxony-AnhaltB37,568Bitterfeld-Wolfen
13%
Lower SaxonyD77,503Delmenhorst
13%
SaxonyF39,948Freiberg
13%
Baden-WürttembergF15,976Freiberg am Neckar
13%
Lower SaxonyH57,276Hameln
13%
HesseL35,648Limburg a.d. Lahn
13%
Baden-WürttembergL49,295Lörrach
13%
SaarlandN46,037Neunkirchen
13%
BrandenburgO45,492Oranienburg
13%
ThuringiaP2,007Plaue
13%
BavariaS14,346Stein
13%
North Rhine-WestphaliaX21,521Xanten
13%
HesseL38,524Langen (Hessen)
12%
North Rhine-WestphaliaM84,312Marl
12%
SaxonyM28,231Meißen
12%
Lower SaxonyM35,457Meppen
12%
Schleswig-HolsteinN79,155Norderstedt
12%
SaxonyP64,014Plauen
12%
Baden-WürttembergS64,595Sindelfingen
12%
Rhineland-PalatinateZ34,001Zweibrücken
12%
Baden-WürttembergB50,121Böblingen
11%
North Rhine-WestphaliaD74,097Detmold
11%
Baden-WürttembergG57,974Göppingen
11%
BrandenburgH26,380Hohen Neuendorf
11%
Schleswig-HolsteinH23,249Husum
11%
Lower SaxonyL34,958Leer (Ostfriesland)
11%
North Rhine-WestphaliaL67,793Lippstadt
11%
Rhineland-PalatinateN4,559Nassau
11%
ThuringiaN40,969Nordhausen
11%
SaxonyP38,284Pirna
11%
North Rhine-WestphaliaR86,899Ratingen
11%
North Rhine-WestphaliaR76,123Rheine
11%
Baden-WürttembergS40,679Schwäbisch Hall
11%
Baden-WürttembergS35,433Sinsheim
11%
Lower SaxonyS47,611Stade
11%
North Rhine-WestphaliaU58,816Unna
11%
Baden-WürttembergW30,009Weil am Rhein
11%
Baden-WürttembergW19,107Weil der Stadt
11%
SaxonyA7,880Altenberg
10%
ThuringiaA31,101Altenburg
10%
HesseB54,092Bad Homburg v. d. Höhe
10%
Rhineland-PalatinateB25,736Bingen am Rhein
10%
Rhineland-PalatinateB15,181Bitburg
10%
North Rhine-WestphaliaB71,061Bocholt
10%
North Rhine-WestphaliaC73,126Castrop-Rauxel
10%
BavariaE36,455Erding
10%
BavariaF48,872Freising
10%
BavariaF15,538Füssen
10%
Baden-WürttembergK36,947Kehl
10%
North Rhine-WestphaliaL71,911Lüdenscheid
10%
North Rhine-WestphaliaL85,838Lünen
10%
BavariaN29,662Neuburg a.d. Donau
10%
Baden-WürttembergR50,165Rastatt
10%
Schleswig-HolsteinR28,705Rendsburg
10%
BavariaR8,455Rottenburg a.d. Laaber
10%
Baden-WürttembergR43,756Rottenburg am Neckar
10%
HesseR65,972Rüsselsheim am Main
10%
Baden-WürttembergS61,216Schwäbisch Gmünd
10%
Baden-WürttembergS48,033Singen (Hohentwiel)
10%
North Rhine-WestphaliaS47,206Soest
10%
Saxony-AnhaltS38,778Stendal
10%
ThuringiaS36,395Suhl
10%
Lower SaxonyU33,685Uelzen
10%
North Rhine-WestphaliaV36,047Voerde (Niederrhein)
10%
HesseW53,188Wetzlar
10%
Lower SaxonyW52,121Wolfenbüttel
10%
Lower SaxonyA42,268Aurich
9%
Rhineland-PalatinateB51,310Bad Kreuznach
9%
BrandenburgB40,908Bernau bei Berlin
9%
Lower SaxonyB40,026Buxtehude
9%
Lower SaxonyC35,966Cloppenburg
9%
Rhineland-PalatinateD4,572Dahn
9%
North Rhine-WestphaliaG75,518Gladbeck
9%
North Rhine-WestphaliaH66,495Herford
9%
Schleswig-HolsteinI31,796Itzehoe
9%
North Rhine-WestphaliaJ32,336Jülich
9%
Lower SaxonyL55,232Lingen (Ems)
9%
Rhineland-PalatinateN64,860Neuwied
9%
Lower SaxonyP50,249Peine
9%
Schleswig-HolsteinP43,503Pinneberg
9%
Rhineland-PalatinateP40,176Pirmasens
9%
Saxony-AnhaltQ23,604Quedlinburg
9%
Baden-WürttembergR24,975Rottweil
9%
BavariaS47,612Straubing
9%
North Rhine-WestphaliaV77,376Viersen
9%
Mecklenburg-Western PomeraniaW21,147Waren (Müritz)
9%
Mecklenburg-Western PomeraniaW3,239Warin
9%
North Rhine-WestphaliaW60,329Wesel
9%
BavariaA42,052Amberg
8%
North Rhine-WestphaliaA73,487Arnsberg
8%
North Rhine-WestphaliaB61,749Bergheim
8%
Baden-WürttembergB33,510Biberach an der Riß
8%
North Rhine-WestphaliaB43,673Brühl
8%
Rhineland-PalatinateC5,256Cochem
8%
BavariaD33,750Deggendorf
8%
North Rhine-WestphaliaD67,338Dinslaken
8%
North Rhine-WestphaliaD64,500Dormagen
8%
BrandenburgE23,373Eisenhüttenstadt
8%
North Rhine-WestphaliaE58,466Euskirchen
8%
North Rhine-WestphaliaG37,709Greven
8%
North Rhine-WestphaliaG50,978Gummersbach
8%
Rhineland-PalatinateI28,313Idar-Oberstein
8%
ThuringiaI38,637Ilmenau
8%
Baden-WürttembergS16,916Sigmaringen
8%
North Rhine-WestphaliaT74,994Troisdorf
8%
Lower SaxonyV32,894Vechta
8%
Lower SaxonyV27,636Verden (Aller)
8%
North Rhine-WestphaliaV25,382Verl
8%
SaxonyA19,393Annaberg-Buchholz
7%
Rhineland-PalatinateB28,634Bad Neuenahr-Ahrweiler
7%
BavariaB19,141Bad Tölz
7%
Baden-WürttembergC23,716Calw
7%
BavariaC17,053Cham
7%
North Rhine-WestphaliaD74,515Dorsten
7%
BrandenburgE40,965Eberswalde
7%
Schleswig-HolsteinE21,637Eckernförde
7%
Schleswig-HolsteinE49,948Elmshorn
7%
North Rhine-WestphaliaG63,941Grevenbroich
7%
Saxony-AnhaltH39,221Halberstadt
7%
North Rhine-WestphaliaH42,476Heinsberg
7%
North Rhine-WestphaliaH55,274Hilden
7%
SaxonyH31,790Hoyerswerda (Wojerecy)
7%
North Rhine-WestphaliaH59,525Hürth
7%
North Rhine-WestphaliaI51,526Ibbenbüren
7%
North Rhine-WestphaliaK42,875Kamen
7%
BavariaK44,662Kaufbeuren
7%
North Rhine-WestphaliaK65,802Kerpen
7%
Baden-WürttembergK40,774Kirchheim unter Teck
7%
Baden-WürttembergL47,551Lahr/Schwarzwald
7%
Saxony-AnhaltL15,068Landsberg
7%
BavariaL29,346Landsberg am Lech
7%
Schleswig-HolsteinL11,321Lauenburg/Elbe
7%
HesseL13,880Lich
7%
ThuringiaM24,722Meiningen
7%
HesseN6,894Neukirchen
7%
North Rhine-WestphaliaN27,532Neukirchen-Vluyn
7%
ThuringiaN477Neumark
7%
Mecklenburg-Western PomeraniaN20,151Neustrelitz
7%
Lower SaxonyN24,767Norden
7%
Lower SaxonyN53,839Nordhorn
7%
North Rhine-WestphaliaO24,593Olpe
7%
Lower SaxonyP37,551Papenburg
7%
HesseR13,959Rotenburg a. d. Fulda
7%
Lower SaxonyR22,072Rotenburg (Wümme)
7%
Mecklenburg-Western PomeraniaS5,017Schwaan
7%
BrandenburgS29,433Schwedt/Oder
7%
SaxonyS11,235Stollberg/Erzgeb.
7%
Mecklenburg-Western PomeraniaS4,553Strasburg (Uckermark)
7%
Baden-WürttembergT36,507Tuttlingen
7%
North Rhine-WestphaliaV81,564Velbert
7%
SaarlandV39,412Völklingen
7%
BavariaW42,535Weiden i.d. OPf.
7%
Saxony-AnhaltW32,181Wernigerode
7%
SaxonyZ24,738Zittau
7%
Schleswig-HolsteinA34,052Ahrensburg
6%
Rhineland-PalatinateA18,820Alzey
6%
BavariaB22,421Bad Kissingen
6%
North Rhine-WestphaliaB48,535Bad Oeynhausen
6%
Baden-WürttembergB34,505Balingen
6%
North Rhine-WestphaliaB42,650Borken
6%
HesseB12,506Borken (Hessen)
6%
BavariaB18,795Burghausen
6%
North Rhine-WestphaliaC36,182Coesfeld
6%
Baden-WürttembergD22,205Donaueschingen
6%
BavariaD19,593Donauwörth
6%
North Rhine-WestphaliaE30,869Emmerich am Rhein
6%
North Rhine-WestphaliaE50,060Erftstadt
6%
North Rhine-WestphaliaE56,172Eschweiler
6%
Schleswig-HolsteinF12,875Fehmarn
6%
Rhineland-PalatinateF48,750Frankenthal (Pfalz)
6%
North Rhine-WestphaliaF51,947Frechen
6%
Baden-WürttembergF23,760Freudenstadt
6%
BavariaF36,843Fürstenfeldbruck
6%
Lower SaxonyG10,711Gronau (Leine)
6%
North Rhine-WestphaliaG48,576Gronau (Westf.)
6%
BavariaG20,958Günzburg
6%
Mecklenburg-Western PomeraniaG28,999Güstrow
6%
BavariaH5,575Harburg (Schwaben)
6%
North Rhine-WestphaliaH54,278Hattingen
6%
Baden-WürttembergH21,539Hockenheim
6%
North Rhine-WestphaliaH28,509Höxter
6%
Lower SaxonyJ14,562Jever
6%
North Rhine-WestphaliaK41,122Königswinter
6%
BavariaK25,781Kulmbach
6%
North Rhine-WestphaliaL59,112Langenfeld (Rheinland)
6%
Lower SaxonyL54,684Langenhagen
6%
BavariaL26,434Lauf a.d. Pegnitz
6%
Mecklenburg-Western PomeraniaL11,959Ludwigslust
6%
BrandenburgM836Märkisch Buchholz
6%
Saxony-AnhaltM33,593Merseburg
6%
North Rhine-WestphaliaM38,749Mettmann
6%
HesseM34,799Mörfelden-Walldorf
6%
HesseM28,534Mühlheim am Main
6%
Baden-WürttembergM3,604Mühlheim an der Donau
6%
HesseN5,003Naumburg
6%
Saxony-AnhaltN32,053Naumburg (Saale)
6%
Baden-WürttembergN26,324Neckarsulm
6%
BrandenburgN30,764Neuruppin
6%
Schleswig-HolsteinP8,987Plön
6%
BrandenburgP18,849Prenzlau
6%
North Rhine-WestphaliaP54,636Pulheim
6%
Rhineland-PalatinateR17,156Remagen
6%
North Rhine-WestphaliaS55,590Sankt Augustin
6%
North Rhine-WestphaliaS41,669Siegburg
6%
BavariaS23,511Starnberg
6%
North Rhine-WestphaliaS56,377Stolberg (Rhld.)
6%
SaarlandS25,438St. Wendel
6%
BavariaS19,252Sulzbach-Rosenberg
6%
BavariaT20,530Traunstein
6%
Baden-WürttembergW55,526Waiblingen
6%
HesseW6,743Waldeck
6%
Baden-WürttembergW24,067Waldshut-Tiengen
6%
Baden-WürttembergW45,335Weinheim
6%
BrandenburgW16,862Wittenberge
6%
Baden-WürttembergZ8,066Zell am Harmersbach
6%
Baden-WürttembergZ6,296Zell im Wiesental
6%
Rhineland-PalatinateZ4,064Zell (Mosel)
6%
Lower SaxonyA32,084Achim
5%
North Rhine-WestphaliaA39,404Ahaus
5%
BavariaA12,977Altötting
5%
Mecklenburg-Western PomeraniaA12,288Anklam
5%
Rhineland-PalatinateB18,553Bad Dürkheim
5%
HesseB30,039Bad Hersfeld
5%
BavariaB18,530Bad Reichenhall
5%
North Rhine-WestphaliaB54,166Bad Salzuflen
5%
Schleswig-HolsteinB17,641Bad Segeberg
5%
North Rhine-WestphaliaB48,919Bergkamen
5%
Saxony-AnhaltB32,257Bernburg (Saale)
5%
Baden-WürttembergB43,146Bietigheim-Bissingen
5%
Lower SaxonyB5,002Borkum
5%
North Rhine-WestphaliaB25,336Brilon
5%
Lower SaxonyB40,091Buchholz in der Nordheide
5%
Baden-WürttembergC34,661Crailsheim
5%
BavariaD19,314Dillingen a.d. Donau
5%
SaarlandD19,801Dillingen/Saar
5%
BavariaE13,343Eichstätt
5%
Saxony-AnhaltE22,668Eisleben
5%
North Rhine-WestphaliaE43,275Erkelenz
5%
Baden-WürttembergE39,401Ettlingen
5%
BrandenburgF44,236Falkensee
5%
Baden-WürttembergF45,958Filderstadt
5%
SaxonyF39,405Freital
5%
BavariaF29,916Friedberg
5%
HesseF29,477Friedberg (Hessen)
5%
BrandenburgF31,992Fürstenwalde/Spree
5%
Lower SaxonyG61,021Garbsen
5%
Rhineland-PalatinateG20,643Germersheim
5%
Lower SaxonyG42,939Gifhorn
5%
North Rhine-WestphaliaG34,531Goch
5%
ThuringiaG20,108Greiz
5%
HesseG25,685Groß-Gerau
5%
Lower SaxonyH23,504Hann. Münden
5%
Lower SaxonyH25,544Helmstedt
5%
HesseH26,218Heppenheim (Bergstraße)
5%
North Rhine-WestphaliaH61,860Herten
5%
North Rhine-WestphaliaK37,635Kamp-Lintfort
5%
North Rhine-WestphaliaK34,537Kempen
5%
North Rhine-WestphaliaL40,456Lemgo
5%
Baden-WürttembergL48,753Leonberg
5%
Rhineland-PalatinateL6,209Linz am Rhein
5%
BrandenburgL14,036Lübben (Spreewald) (Lubin (Błota))
5%
North Rhine-WestphaliaM56,479Meerbusch
5%
North Rhine-WestphaliaM52,452Menden (Sauerland)
5%
SaarlandM29,700Merzig
5%
North Rhine-WestphaliaM11,686Monschau
5%
Rhineland-PalatinateM14,213Montabaur
5%
ThuringiaM35,799Mühlhausen/Thüringen
5%
North Rhine-WestphaliaN42,438Nettetal
5%
BavariaN40,243Neumarkt i.d. OPf.
5%
BavariaN6,295Neumarkt-Sankt Veit
5%
Lower SaxonyN31,443Nienburg (Weser)
5%
BavariaN20,674Nördlingen
5%
Lower SaxonyN29,092Northeim
5%
Baden-WürttembergN41,154Nürtingen
5%
ThuringiaO1,626Oberhof
5%
Mecklenburg-Western PomeraniaP17,622Parchim
5%
Rhineland-PalatinateP5,529Prüm
5%
North Rhine-WestphaliaR48,672Rheda-Wiedenbrück
5%
SaxonyR29,256Riesa
5%
ThuringiaS29,071Saalfeld/Saale
5%
Saxony-AnhaltS23,306Salzwedel
5%
Mecklenburg-Western PomeraniaS9,191Sassnitz
5%
ThuringiaS19,553Schmalkalden
5%
BavariaS41,056Schwabach
5%
Lower SaxonyS21,292Soltau
5%
North Rhine-WestphaliaS34,431Steinfurt
5%
BrandenburgS26,939Strausberg
5%
Baden-WürttembergS12,458Sulz am Neckar
5%
BrandenburgT27,097Teltow
5%
Baden-WürttembergW15,545Walldorf
5%
Baden-WürttembergW10,351Weilheim an der Teck
5%
BavariaW22,727Weilheim i. OB
5%
BrandenburgW26,662Werder (Havel)
5%
North Rhine-WestphaliaW50,283Willich
5%
North Rhine-WestphaliaW12,442Winterberg
5%
Baden-WürttembergA25,615Achern
4%
BavariaA21,488Aichach
4%
Baden-WürttembergA45,472Albstadt
4%
HesseA15,941Alsfeld
4%
Rhineland-PalatinateA30,132Andernach
4%
Saxony-AnhaltA6,635Annaburg
4%
ThuringiaA27,072Arnstadt
4%
Baden-WürttembergB37,558Backnang
4%
Lower SaxonyB15,770Bad Bentheim
4%
Mecklenburg-Western PomeraniaB12,755Bad Doberan
4%
North Rhine-WestphaliaB25,759Bad Honnef
4%
HesseB32,493Bad Nauheim
4%
Schleswig-HolsteinB24,784Bad Oldesloe
4%
HesseB27,915Baunatal
4%
HesseB40,791Bensheim
4%
Saxony-AnhaltB8,094Bismark (Altmark)
4%
Baden-WürttembergB45,364Bruchsal
4%
Schleswig-HolsteinB12,364Brunsbüttel
4%
Baden-WürttembergB17,773Buchen (Odenwald)
4%
Baden-WürttembergB28,889Bühl
4%
Lower SaxonyB30,899Burgdorf
4%
Lower SaxonyD8,117Dannenberg (Elbe)
4%
HesseD15,537Dieburg
4%
Lower SaxonyD17,152Diepholz
4%
BavariaD20,003Dingolfing
4%
North Rhine-WestphaliaD46,706Dülmen
4%
BavariaE12,213Ebersberg
4%
Baden-WürttembergE28,051Emmendingen
4%
North Rhine-WestphaliaE36,068Emsdetten
4%
Schleswig-HolsteinE16,960Eutin
4%
BavariaF32,374Forchheim
4%
BavariaG17,192Garching b. München
4%
North Rhine-WestphaliaG27,518Geilenkirchen
4%
North Rhine-WestphaliaG33,760Geldern
4%
Schleswig-HolsteinG6,220Glücksburg (Ostsee)
4%
SaxonyG28,149Grimma
4%
North Rhine-WestphaliaH37,845Haltern am See
4%
North Rhine-WestphaliaH47,544Hennef (Sieg)
4%
Lower SaxonyH19,790Holzminden
4%
North Rhine-WestphaliaH17,245Horn-Bad Meinberg
4%
BavariaI17,559Illertissen
4%
Rhineland-PalatinateI35,161Ingelheim am Rhein
4%
North Rhine-WestphaliaK43,615Kaarst
4%
BavariaK14,930Karlstadt
4%
BavariaK22,141Kitzingen
4%
Saxony-AnhaltK25,244Köthen (Anhalt)
4%
BavariaK16,701Kronach
4%
Baden-WürttembergL11,838Lauffen am Neckar
4%
Lower SaxonyL44,154Lehrte
4%
Baden-WürttembergL40,161Leinfelden-Echterdingen
4%
HesseL13,111Linden
4%
Lower SaxonyL9,435Lüchow (Wendland)
4%
BrandenburgL20,586Luckenwalde
4%
SaxonyM16,716Marienberg
4%
Rhineland-PalatinateM19,284Mayen
4%
Lower SaxonyM46,753Melle
4%
BavariaM20,962Mühldorf a. Inn
4%
BrandenburgN18,540Nauen
4%
Schleswig-HolsteinN10,089Niebüll
4%
North Rhine-WestphaliaO31,532Oer-Erkenschwick
4%
Lower SaxonyO30,366Osterholz-Scharmbeck
4%
Mecklenburg-Western PomeraniaP9,948Pasewalk
4%
BavariaP26,272Pfaffenhofen a.d. Ilm
4%
North Rhine-WestphaliaP35,734Porta Westfalica
4%
SaxonyR33,843Radebeul
4%
BrandenburgR24,179Rathenow
4%
HesseR9,970Rüdesheim am Rhein
4%
ThuringiaR24,672Rudolstadt
4%
Saxony-AnhaltS25,703Sangerhausen
4%
BavariaS29,020Schwandorf
4%
North Rhine-WestphaliaS46,124Schwerte
4%
ThuringiaS18,886Sömmerda
4%
ThuringiaS23,229Sonneberg
4%
ThuringiaS9,479Steinbach-Hallenberg
4%
SaarlandS35,213St. Ingbert
4%
SaarlandS16,343Sulzbach/Saar
4%
Baden-WürttembergT13,234Tauberbischofsheim
4%
SaxonyT19,768Torgau
4%
Baden-WürttembergÜ22,713Überlingen
4%
Mecklenburg-Western PomeraniaU1,747Usedom
4%
Baden-WürttembergV29,307Vaihingen an der Enz
4%
Baden-WürttembergW26,927Wangen im Allgäu
4%
North Rhine-WestphaliaW22,928Warburg
4%
North Rhine-WestphaliaW37,173Warendorf
4%
Schleswig-HolsteinW33,935Wedel
4%
SaxonyW3,067Weißenberg (Wóspork)
4%
Saxony-AnhaltW39,958Weißenfels
4%
North Rhine-WestphaliaW30,702Werl
4%
North Rhine-WestphaliaW29,588Werne
4%
Baden-WürttembergW22,879Wertheim
4%
HesseW8,841Wetter (Hessen)
4%
North Rhine-WestphaliaW27,269Wetter (Ruhr)
4%
Lower SaxonyW35,332Winsen (Luhe)
4%
Rhineland-PalatinateW19,222Wittlich
4%
BavariaW19,091Wolfratshausen
4%
Mecklenburg-Western PomeraniaW11,840Wolgast
4%
BavariaW4,896Wörth a.d. Donau
4%
BavariaW4,772Wörth a. Main
4%
Rhineland-PalatinateW18,217Wörth am Rhein
4%
North Rhine-WestphaliaW38,496Würselen
4%
Saxony-AnhaltZ27,187Zeitz
4%
North Rhine-WestphaliaA47,330Alsdorf
3%
BavariaA15,450Altdorf b. Nürnberg
3%
North Rhine-WestphaliaA16,527Altena
3%
Rhineland-PalatinateA6,301Altenkirchen (Westerwald)
3%
BrandenburgA13,637Angermünde
3%
ThuringiaA22,209Apolda
3%
Saxony-AnhaltA26,737Aschersleben
3%
BavariaA8,717Auerbach i.d. OPf.
3%
SaxonyA18,048Auerbach/Vogtl.
3%
Rhineland-PalatinateB9,801Bad Ems
3%
Lower SaxonyB21,820Bad Harzburg
3%
Baden-WürttembergB24,034Bad Mergentheim
3%
BavariaB15,261Bad Neustadt a.d. Saale
3%
Lower SaxonyB19,162Bad Pyrmont
3%
ThuringiaB23,177Bad Salzungen
3%
SaxonyB3,511Bad Schandau
3%
Schleswig-HolsteinB20,240Bad Schwartau
3%
HesseB22,871Bad Soden am Taunus
3%
HesseB13,566Bad Soden-Salmünster
3%
HesseB34,714Bad Vilbel
3%
North Rhine-WestphaliaB36,637Beckum
3%
North Rhine-WestphaliaB23,743Bedburg
3%
ThuringiaB3,224Berga/Elster
3%
Rhineland-PalatinateB7,034Birkenfeld
3%
Saxony-AnhaltB19,374Blankenburg (Harz)
3%
Rhineland-PalatinateB15,369Boppard
3%
North Rhine-WestphaliaB48,348Bornheim
3%
Lower SaxonyB31,225Bramsche
3%
Baden-WürttembergB29,538Bretten
3%
BrandenburgB3,945Brück
3%
North Rhine-WestphaliaB45,376Bünde
3%
HesseB26,476Butzbach
3%
Lower SaxonyC14,844Clausthal-Zellerfeld
3%
SaxonyC20,694Coswig
3%
Saxony-AnhaltC11,521Coswig (Anhalt)
3%
North Rhine-WestphaliaD34,714Datteln
3%
SaxonyD24,755Delitzsch
3%
Mecklenburg-Western PomeraniaD10,523Demmin
3%
Rhineland-PalatinateD11,072Diez
3%
HesseD23,261Dillenburg
3%
BavariaD11,882Dinkelsbühl
3%
HesseD41,996Dreieich
3%
Lower SaxonyE30,449Einbeck
3%
ThuringiaE10,704Eisenberg
3%
Rhineland-PalatinateE9,335Eisenberg (Pfalz)
3%
North Rhine-WestphaliaE30,117Ennepetal
3%
Baden-WürttembergE13,728Erbach
3%
HesseE13,813Erbach
3%
North Rhine-WestphaliaE43,878Erkrath
3%
HesseE21,641Eschborn
3%
HesseE19,365Eschwege
3%
Baden-WürttembergF45,430Fellbach
3%
BrandenburgF15,968Finsterwalde
3%
HesseF17,678Frankenberg (Eder)
3%
SaxonyF13,784Frankenberg/Sa.
3%
BavariaF7,135Freyung
3%
Saxony-AnhaltG22,154Gardelegen
3%
Schleswig-HolsteinG31,160Geesthacht
3%
Baden-WürttembergG5,875Geislingen
3%
Baden-WürttembergG28,400Geislingen an der Steige
3%
BavariaG40,511Germering
3%
North Rhine-WestphaliaG30,733Gevelsberg
3%
Schleswig-HolsteinG10,779Glückstadt
3%
BrandenburgG16,656Guben
3%
North Rhine-WestphaliaH26,962Hamminkeln
3%
Lower SaxonyH24,047Haren (Ems)
3%
BrandenburgH26,559Hennigsdorf
3%
North Rhine-WestphaliaH22,653Herdecke
3%
Baden-WürttembergH31,818Herrenberg
3%
North Rhine-WestphaliaH46,225Herzogenrath
3%
ThuringiaH11,674Hildburghausen
3%
HesseH39,905Hofheim am Taunus
3%
BavariaH5,097Hofheim i. UFr.
3%
HesseH13,926Homberg (Efze)
3%
HesseH7,413Homberg (Ohm)
3%
Baden-WürttembergH25,092Horb am Neckar
3%
HesseI25,241Idstein
3%
Baden-WürttembergI14,321Isny im Allgäu
3%
BrandenburgJ12,423Jüterbog
3%
Schleswig-HolsteinK22,877Kaltenkirchen
3%
SaxonyK16,998Kamenz (Kamjenc; incl. Schönteichen)
3%
Schleswig-HolsteinK8,609Kappeln
3%
BavariaK16,744Kelheim
3%
North Rhine-WestphaliaK27,955Kevelaer
3%
Rhineland-PalatinateK8,446Kirchen (Sieg)
3%
BavariaK3,634Königsberg i. Bay.
3%
HesseK16,608Königstein im Taunus
3%
SaxonyK2,104Königstein/Sächs. Schw.
3%
Rhineland-PalatinateK18,244Konz
3%
HesseK23,438Korbach
3%
Baden-WürttembergK33,743Kornwestheim
3%
Rhineland-PalatinateK5,566Kusel
3%
Mecklenburg-Western PomeraniaL6,477Laage
3%
Lower SaxonyL41,854Laatzen
3%
North Rhine-WestphaliaL34,885Lage
3%
Rhineland-PalatinateL18,030Lahnstein
3%
BavariaL7,319Laufen
3%
SaxonyL8,524Lauter-Bernsbach
3%
Baden-WürttembergL26,862Leimen
3%
BavariaL20,034Lichtenfels
3%
HesseL4,093Lichtenfels
3%
SaxonyL14,347Löbau
3%
North Rhine-WestphaliaL39,871Löhne
3%
Lower SaxonyL27,259Lohne (Oldenburg)
3%
HesseL13,831Lorsch
3%
North Rhine-WestphaliaL25,573Lübbecke
3%
BrandenburgL15,969Lübbenau/Spreewald (Lubnjow/Błota)
3%
BrandenburgL26,936Ludwigsfelde
3%
HesseM39,307Maintal
3%
Saxony-AnhaltM8,517Mansfeld
3%
Baden-WürttembergM15,833Marbach am Neckar
3%
SaxonyM24,664Markkleeberg
3%
Baden-WürttembergM6,050Meersburg
3%
North Rhine-WestphaliaM29,696Meschede
3%
Baden-WürttembergM22,117Metzingen
3%
BavariaM11,466Miesbach
3%
BavariaM9,288Miltenberg
3%
Schleswig-HolsteinM19,282Mölln
3%
BavariaM5,200Monheim
3%
North Rhine-WestphaliaM41,279Monheim am Rhein
3%
Baden-WürttembergM23,425Mosbach
3%
Baden-WürttembergN8,308Neuenbürg
3%
Baden-WürttembergN12,339Neuenburg am Rhein
3%
ThuringiaN8,808Neuhaus am Rennweg
3%
HesseN38,204Neu-Isenburg
3%
SaxonyN3,264Neusalza-Spremberg
3%
North Rhine-WestphaliaN38,512Niederkassel
3%
Lower SaxonyN6,032Norderney
3%
HesseO46,678Oberursel (Taunus)
3%
HesseO11,873Oestrich-Winkel
3%
Baden-WürttembergO39,431Ostfildern
3%
Baden-WürttembergP13,472Pfullendorf
3%
HesseP25,029Pfungstadt
3%
Lower SaxonyQ13,546Quakenbrück
3%
Saxony-AnhaltQ10,454Querfurt
3%
Schleswig-HolsteinQ21,659Quickborn
3%
SaxonyR18,597Radeberg
3%
SaxonyR7,268Radeburg
3%
Baden-WürttembergR31,530Radolfzell am Bodensee
3%
Rhineland-PalatinateR7,981Ramstein-Miesenbach
3%
Schleswig-HolsteinR14,517Ratzeburg
3%
North Rhine-WestphaliaR30,933Rheinberg
3%
Baden-WürttembergR32,919Rheinfelden (Baden)
3%
Mecklenburg-Western PomeraniaR15,269Ribnitz-Damgarten
3%
HesseR46,005Rodgau
3%
Rhineland-PalatinateS7,489Saarburg
3%
Rhineland-PalatinateS20,432Schifferstadt
3%
SaxonyS18,287Schkeuditz
3%
North Rhine-WestphaliaS26,943Schloß Holte-Stukenbrock
3%
Baden-WürttembergS39,785Schorndorf
3%
BavariaS22,587Senden
3%
BrandenburgS23,371Senftenberg (Zły Komorow)
3%
BavariaS21,517Sonthofen
3%
BrandenburgS21,749Spremberg (Grodk)
3%
HesseS10,678Steinbach (Taunus)
3%
HesseT30,068Taunusstein
3%
BrandenburgT15,636Templin
3%
BavariaT8,623Tirschenreuth
3%
HesseV34,281Viernheim
3%
North Rhine-WestphaliaV22,676Vreden
3%
SaarlandW15,667Wadern
3%
Lower SaxonyW30,220Walsrode
3%
North Rhine-WestphaliaW29,472Waltrop
3%
North Rhine-WestphaliaW24,520Warstein
3%
BavariaW12,662Wasserburg a. Inn
3%
Baden-WürttembergW25,158Weingarten
3%
BavariaW18,578Weißenburg i. Bay.
3%
SaxonyW15,640Weißwasser/O.L. (Běła Woda)
3%
HesseW26,064Weiterstadt
3%
North Rhine-WestphaliaW34,597Wermelskirchen
3%
North Rhine-WestphaliaW36,731Wesseling
3%
Baden-WürttembergW26,605Wiesloch
3%
Baden-WürttembergW28,334Winnenden
3%
Lower SaxonyW20,405Wittmund
3%
Lower SaxonyW41,480Wunstorf
3%
Schleswig-HolsteinW4,280Wyk auf Föhr
3%
Saxony-AnhaltZ9,184Zahna-Elster
3%
ThuringiaZ12,630Zella-Mehlis
3%
Saxony-AnhaltZ21,294Zerbst/Anhalt
3%
BavariaA14,192Abensberg
2%
Rhineland-PalatinateA2,955Adenau
2%
Saxony-AnhaltA7,417Aken (Elbe)
2%
Lower SaxonyA18,478Alfeld (Leine)
2%
BavariaA18,525Alzenau
2%
ThuringiaA4,705Amt Creuzburg
2%
Rhineland-PalatinateA7,085Annweiler am Trifels
2%
North Rhine-WestphaliaA24,330Attendorn
2%
BavariaA1,425Aub
2%
Rhineland-PalatinateB1,878Bacharach
2%
BavariaB19,097Bad Aibling
2%
HesseB15,571Bad Arolsen
2%
BrandenburgB11,096Bad Belzig
2%
North Rhine-WestphaliaB18,847Bad Berleburg
2%
Lower SaxonyB9,237Bad Bevensen
2%
Schleswig-HolsteinB15,128Bad Bramstedt
2%
BavariaB6,470Bad Brückenau
2%
North Rhine-WestphaliaB18,902Bad Driburg
2%
Lower SaxonyB10,540Bad Iburg
2%
Baden-WürttembergB20,783Bad Krozingen
2%
North Rhine-WestphaliaB13,412Bad Laasphe
2%
ThuringiaB17,211Bad Langensalza
2%
North Rhine-WestphaliaB16,408Bad Lippspringe
2%
North Rhine-WestphaliaB17,387Bad Münstereifel
2%
SaxonyB3,681Bad Muskau (Mužakow)
2%
HesseB10,295Bad Orb
2%
Baden-WürttembergB21,650Bad Rappenau
2%
Baden-WürttembergB17,510Bad Säckingen
2%
HesseB8,460Bad Sooden-Allendorf
2%
Baden-WürttembergB12,473Bad Urach
2%
HesseB17,287Bad Wildungen
2%
North Rhine-WestphaliaB27,319Baesweiler
2%
Schleswig-HolsteinB15,984Bargteheide
2%
HesseB5,391Battenberg (Eder)
2%
HesseB13,855Bebra
2%
BrandenburgB12,818Beelitz
2%
Rhineland-PalatinateB16,893Bendorf
2%
HesseB13,491Biedenkopf
2%
North Rhine-WestphaliaB11,538Billerbeck
2%
BavariaB4,783Bischofsheim i.d. Rhön
2%
SaxonyB10,788Bischofswerda
2%
Baden-WürttembergB12,434Blaubeuren
2%
SaarlandB20,287Blieskastel
2%
BavariaB10,085Bogen
2%
SaxonyB19,120Borna
2%
Lower SaxonyB14,824Brake (Unterweser)
2%
Baden-WürttembergB15,439Breisach am Rhein
2%
Lower SaxonyB18,564Bremervörde
2%
ThuringiaB5,987Brotterode-Trusetal
2%
Lower SaxonyB19,351Bückeburg
2%
HesseB22,808Büdingen
2%
North Rhine-WestphaliaB21,452Büren
2%
BavariaB10,159Burgau
2%
SaxonyB10,530Burgstädt
2%
Lower SaxonyB20,229Burgwedel
2%
North Rhine-WestphaliaB18,527Burscheid
2%
SaxonyC8,374Colditz
2%
SaxonyC18,167Crimmitschau
2%
BrandenburgD4,862Dahme/Mark
2%
Lower SaxonyD17,250Damme
2%
Rhineland-PalatinateD8,001Daun
2%
North Rhine-WestphaliaD32,039Delbrück
2%
HesseD34,429Dietzenbach
2%
Baden-WürttembergD24,719Ditzingen
2%
SaxonyD23,467Döbeln
2%
BavariaD14,790Dorfen
2%
ThuringiaD5,315Dornburg-Camburg
2%
Lower SaxonyD20,281Duderstadt
2%
Baden-WürttembergE14,267Eberbach
2%
Baden-WürttembergE26,398Ehingen (Donau)
2%
SaxonyE15,662Eilenburg
2%
Baden-WürttembergE24,477Ellwangen (Jagst)
2%
North Rhine-WestphaliaE21,745Elsdorf
2%
BrandenburgE7,800Elsterwerda
2%
HesseE16,946Eltville am Rhein
2%
BrandenburgE11,935Erkner
2%
BrandenburgF6,317Falkenberg/Elster
2%
BrandenburgF17,691Forst (Lausitz) (Baršć (Łužyca))
2%
BavariaF17,289Freilassing
2%
Baden-WürttembergF3,738Freudenberg
2%
North Rhine-WestphaliaF17,729Freudenberg
2%
Mecklenburg-Western PomeraniaF6,403Friedland
2%
BrandenburgF2,954Friedland
2%
HesseF25,528Friedrichsdorf
2%
Schleswig-HolsteinF2,666Friedrichstadt
2%
HesseF14,805Fritzlar
2%
North Rhine-WestphaliaF20,566Fröndenberg/Ruhr
2%
Baden-WürttembergG29,932Gaggenau
2%
HesseG23,208Gelnhausen
2%
BavariaG10,006Gemünden a. Main
2%
HesseG3,855Gemünden (Wohra)
2%
Saxony-AnhaltG13,582Genthin
2%
Lower SaxonyG31,778Georgsmarienhütte
2%
Rhineland-PalatinateG7,721Gerolstein
2%
North Rhine-WestphaliaG17,246Gescher
2%
North Rhine-WestphaliaG21,422Geseke
2%
SaxonyG21,965Glauchau
2%
BavariaG8,167Grafenau
2%
HesseG27,703Griesheim
2%
Mecklenburg-Western PomeraniaG9,369Grimmen
2%
Saxony-AnhaltG3,556Gröningen
2%
HesseG13,706Grünberg
2%
Rhineland-PalatinateG13,652Grünstadt
2%
BavariaG16,665Gunzenhausen
2%
Mecklenburg-Western PomeraniaH12,245Hagenow
2%
Saxony-AnhaltH19,133Haldensleben
2%
BavariaH13,593Haßfurt
2%
HesseH27,747Hattersheim am Main
2%
Saxony-AnhaltH6,436Havelberg
2%
Baden-WürttembergH19,126Hechingen
2%
SaxonyH16,641Heidenau
2%
ThuringiaH16,911Heilbad Heiligenstadt
2%
Schleswig-HolsteinH9,186Heiligenhafen
2%
North Rhine-WestphaliaH26,301Heiligenhaus
2%
North Rhine-WestphaliaH33,863Hemer
2%
HesseH20,473Herborn
2%
Lower SaxonyH12,799Herzberg am Harz
2%
BrandenburgH8,776Herzberg (Elster)
2%
BavariaH23,616Herzogenaurach
2%
HesseH12,443Hessisch Lichtenau
2%
Lower SaxonyH18,190Hessisch Oldendorf
2%
HesseH18,143Hochheim am Main
2%
BavariaH13,579Höchstadt a.d. Aisch
2%
BavariaH6,879Höchstädt a.d. Donau
2%
HesseH15,243Hofgeismar
2%
North Rhine-WestphaliaH40,425Hückelhoven
2%
BavariaI14,312Immenstadt i. Allgäu
2%
North Rhine-WestphaliaI10,758Isselburg
2%
Saxony-AnhaltJ6,787Jerichow
2%
Saxony-AnhaltJ14,074Jessen (Elster)
2%
SaxonyJ3,879Johanngeorgenstadt
2%
North Rhine-WestphaliaJ23,516Jüchen
2%
North Rhine-WestphaliaK13,944Kalkar
2%
ThuringiaK5,773Kaltennordheim
2%
Rhineland-PalatinateK8,990Kandel
2%
HesseK29,162Kelkheim (Taunus)
2%
SaxonyK8,166Kirchberg
2%
Baden-WürttembergK4,389Kirchberg an der Jagst
2%
Rhineland-PalatinateK3,984Kirchberg (Hunsrück)
2%
SaxonyK8,035Klingenthal
2%
BavariaK28,075Königsbrunn
2%
Lower SaxonyK15,790Königslutter am Elm
2%
North Rhine-WestphaliaK33,484Korschenbroich
2%
Mecklenburg-Western PomeraniaK3,412Krakow am See
2%
North Rhine-WestphaliaK30,965Kreuztal
2%
HesseK18,242Kronberg im Taunus
2%
Baden-WürttembergK15,389Künzelsau
2%
Baden-WürttembergL11,880Ladenburg
2%
HesseL32,660Lampertheim
2%
Baden-WürttembergL14,473Lauda-Königshofen
2%
HesseL13,656Lauterbach (Hessen)
2%
SaarlandL18,828Lebach
2%
North Rhine-WestphaliaL27,885Leichlingen (Rheinland)
2%
ThuringiaL20,018Leinefelde-Worbis
2%
North Rhine-WestphaliaL22,511Lengerich
2%
North Rhine-WestphaliaL25,140Lennestadt
2%
Saxony-AnhaltL13,906Leuna
2%
Baden-WürttembergL23,030Leutkirch im Allgäu
2%
North Rhine-WestphaliaL10,551Lichtenau
2%
Baden-WürttembergL5,037Lichtenau
2%
BavariaL1,029Lichtenberg
2%
SaxonyL23,711Limbach-Oberfrohna
2%
North Rhine-WestphaliaL30,316Lohmar
2%
BavariaL15,016Lohr a. Main
2%
HesseL3,744Lorch
2%
Baden-WürttembergL10,953Lorch
2%
North Rhine-WestphaliaL24,810Lüdinghausen
2%
Saxony-AnhaltL8,458Lützen
2%
Baden-WürttembergM5,248Mahlberg
2%
BavariaM17,049Marktredwitz
2%
Schleswig-HolsteinM5,947Marne
2%
North Rhine-WestphaliaM27,986Mechernich
2%
North Rhine-WestphaliaM24,741Meckenheim
2%
North Rhine-WestphaliaM20,529Meinerzhagen
2%
HesseM13,797Melsungen
2%
ThuringiaM9,881Meuselwitz
2%
HesseM15,970Michelstadt
2%
BavariaM15,247Mindelheim
2%
Baden-WürttembergM26,093Mühlacker
2%
BrandenburgM3,630Mühlberg/Elbe
2%
Baden-WürttembergN22,672Nagold
2%
HesseN17,314Nidda
2%
Lower SaxonyN26,102Nordenham
2%
North Rhine-WestphaliaO19,673Ochtrup
2%
North Rhine-WestphaliaO29,133Oelde
2%
BavariaO5,205Oettingen i. Bay.
2%
Baden-WürttembergÖ24,925Öhringen
2%
BavariaO27,930Olching
2%
North Rhine-WestphaliaO13,014Olfen
2%
Rhineland-PalatinateO7,582Oppenheim
2%
SaxonyO13,917Oschatz
2%
Saxony-AnhaltO19,396Oschersleben (Bode)
2%
Saxony-AnhaltO9,617Osterburg (Altmark)
2%
Lower SaxonyO21,392Osterode am Harz
2%
SaarlandO14,352Ottweiler
2%
North Rhine-WestphaliaO27,124Overath
2%
BavariaP13,271Pegnitz
2%
BrandenburgP12,035Perleberg
2%
North Rhine-WestphaliaP25,045Petershagen
2%
BavariaP12,948Plattling
2%
North Rhine-WestphaliaP24,978Plettenberg
2%
Baden-WürttembergP14,490Plochingen
2%
ThuringiaP11,697Pößneck
2%
Schleswig-HolsteinP15,958Preetz
2%
North Rhine-WestphaliaP12,236Preußisch Oldendorf
2%
BrandenburgP11,870Pritzwalk
2%
SaarlandP18,318Püttlingen
2%
North Rhine-WestphaliaR21,030Rees
2%
SaxonyR20,198Reichenbach im Vogtland
2%
SaxonyR4,915Reichenbach/O.L.
2%
Schleswig-HolsteinR28,250Reinbek
2%
North Rhine-WestphaliaR19,319Rhede
2%
North Rhine-WestphaliaR26,949Rheinbach
2%
BrandenburgR7,948Rheinsberg
2%
Baden-WürttembergR20,178Rheinstetten
2%
Lower SaxonyR25,487Rinteln
2%
BavariaR12,296Roding
2%
North Rhine-WestphaliaR28,759Rösrath
2%
North Rhine-WestphaliaS25,013Salzkotten
2%
Rhineland-PalatinateS2,768Sankt Goar
2%
Schleswig-HolsteinS19,368Schenefeld
2%
North Rhine-WestphaliaS13,191Schleiden
2%
North Rhine-WestphaliaS24,806Schmallenberg
2%
Baden-WürttembergS4,427Schönau
2%
Baden-WürttembergS2,425Schönau im Schwarzwald
2%
Mecklenburg-Western PomeraniaS4,699Schönberg (incl. Lockwisch)
2%
Saxony-AnhaltS30,387Schönebeck (Elbe)
2%
BavariaS12,350Schongau
2%
BavariaS17,381Schrobenhausen
2%
SaxonyS16,168Schwarzenberg/Erzgeb.
2%
North Rhine-WestphaliaS28,590Schwelm
2%
Baden-WürttembergS21,577Schwetzingen
2%
BrandenburgS5,394Seelow
2%
BavariaS14,708Selb
2%
HesseS21,226Seligenstadt
2%
North Rhine-WestphaliaS25,802Selm
2%
Rhineland-PalatinateS17,642Sinzig
2%
ThuringiaS21,034Sondershausen
2%
Lower SaxonyS29,084Springe
2%
North Rhine-WestphaliaS24,702Sprockhövel
2%
Lower SaxonyS22,347Stadthagen
2%
North Rhine-WestphaliaS20,290Stadtlohn
2%
Baden-WürttembergS8,182Staufen im Breisgau
2%
North Rhine-WestphaliaS12,617Steinheim
2%
Baden-WürttembergS12,122Steinheim an der Murr
2%
North Rhine-WestphaliaS16,248Straelen
2%
Baden-WürttembergS24,897Stutensee
2%
North Rhine-WestphaliaS27,554Sundern (Sauerland)
2%
Lower SaxonyS24,261Syke
2%
Saxony-AnhaltT10,299Tangermünde
2%
HesseT4,382Tann (Rhön)
2%
SaxonyT15,709Taucha
2%
North Rhine-WestphaliaT9,138Tecklenburg
2%
North Rhine-WestphaliaT19,841Telgte
2%
Saxony-AnhaltT17,148Thale
2%
North Rhine-WestphaliaT29,249Tönisvorst
2%
Schleswig-HolsteinT4,952Tönning
2%
Rhineland-PalatinateT5,554Traben-Trarbach
2%
North Rhine-WestphaliaÜ23,906Übach-Palenberg
2%
Mecklenburg-Western PomeraniaU8,472Ueckermünde
2%
BavariaU28,824Unterschleißheim
2%
Lower SaxonyU14,068Uslar
2%
Lower SaxonyV23,984Varel
2%
North Rhine-WestphaliaV13,112Velen
2%
BrandenburgV12,296Velten
2%
North Rhine-WestphaliaV21,697Versmold
2%
BavariaV16,950Vilshofen an der Donau
2%
North Rhine-WestphaliaV18,384Vlotho
2%
SaxonyW8,845Waldheim
2%
Baden-WürttembergW21,801Waldkirch
2%
Saxony-AnhaltW13,716Wanzleben-Börde
2%
ThuringiaW5,450Wasungen
2%
HesseW12,955Weilburg
2%
Baden-WürttembergW26,916Weinstadt
2%
Baden-WürttembergW16,173Wendlingen am Neckar
2%
North Rhine-WestphaliaW20,875Wipperfürth
2%
Rhineland-PalatinateW8,253Wissen
2%
BrandenburgW14,007Wittstock/Dosse
2%
North Rhine-WestphaliaW21,003Wülfrath
2%
BavariaW9,155Wunsiedel
2%
SaxonyW16,211Wurzen
2%
BavariaZ25,748Zirndorf
2%
BrandenburgZ20,182Zossen
2%
North Rhine-WestphaliaZ20,440Zülpich
2%
BavariaA5,492Abenberg
1%
Baden-WürttembergA5,099Adelsheim
1%
SaxonyA4,841Adorf/Vogtl.
1%
Baden-WürttembergA9,916Aichtal
1%
HesseA4,034Allendorf (Lumda)
1%
Saxony-AnhaltA7,650Allstedt
1%
Baden-WürttembergA6,251Alpirsbach
1%
Saxony-AnhaltA2,552Alsleben (Saale)
1%
Baden-WürttembergA10,781Altensteig
1%
Mecklenburg-Western PomeraniaA5,221Altentreptow
1%
BrandenburgA9,662Altlandsberg
1%
HesseA4,980Amöneburg
1%
BavariaA3,947Amorbach
1%
ThuringiaA5,945An der Schmücke
1%
Saxony-AnhaltA6,748Arendsee (Altmark)
1%
Saxony-AnhaltA1,472Arneburg
1%
Schleswig-HolsteinA280Arnis
1%
Saxony-AnhaltA6,502Arnstein
1%
BavariaA8,158Arnstein
1%
ThuringiaA6,597Artern
1%
BavariaA5,057Arzberg
1%
Baden-WürttembergA13,517Asperg
1%
HesseA13,654Aßlar
1%
SaxonyA4,508Augustusburg
1%
Baden-WürttembergA10,177Aulendorf
1%
ThuringiaA3,394Auma-Weidatal
1%
HesseB16,927Babenhausen
1%
Rhineland-PalatinateB8,271Bad Bergzabern
1%
ThuringiaB7,520Bad Berka
1%
BavariaB4,384Bad Berneck i. Fichtelgebirge
1%
Saxony-AnhaltB2,654Bad Bibra
1%
ThuringiaB6,191Bad Blankenburg
1%
Rhineland-PalatinateB9,530Bad Breisig
1%
Baden-WürttembergB4,347Bad Buchau
1%
HesseB14,184Bad Camberg
1%
SaxonyB7,833Bad Düben
1%
Saxony-AnhaltB11,499Bad Dürrenberg
1%
Baden-WürttembergB13,414Bad Dürrheim
1%
SaxonyB3,638Bad Elster
1%
Lower SaxonyB12,174Bad Fallingbostel
1%
ThuringiaB10,019Bad Frankenhausen/Kyffhäuser
1%
BrandenburgB12,286Bad Freienwalde (Oder)
1%
Baden-WürttembergB19,504Bad Friedrichshall
1%
Lower SaxonyB9,492Bad Gandersheim
1%
SaxonyB5,538Bad Gottleuba-Berggießhübel
1%
BavariaB8,994Bad Griesbach i. Rottal
1%
Baden-WürttembergB8,085Bad Herrenalb
1%
Rhineland-PalatinateB5,982Bad Hönningen
1%
HesseB3,587Bad Karlshafen
1%
HesseB9,835Bad König
1%
BavariaB6,045Bad Königshofen i. Grabfeld
1%
ThuringiaB3,461Bad Köstritz
1%
BavariaB7,381Bad Kötzting
1%
Saxony-AnhaltB8,781Bad Lauchstädt
1%
SaxonyB8,087Bad Lausick
1%
Lower SaxonyB10,294Bad Lauterberg im Harz
1%
BrandenburgB9,224Bad Liebenwerda
1%
Baden-WürttembergB9,629Bad Liebenzell
1%
Rhineland-PalatinateB6,103Bad Marienberg (Westerwald)
1%
Lower SaxonyB17,415Bad Münder am Deister
1%
Lower SaxonyB11,279Bad Nenndorf
1%
BavariaB6,375Bad Rodach
1%
Lower SaxonyB7,373Bad Sachsa
1%
Lower SaxonyB13,255Bad Salzdetfurth
1%
Baden-WürttembergB17,567Bad Saulgau
1%
Saxony-AnhaltB8,129Bad Schmiedeberg
1%
Baden-WürttembergB8,853Bad Schussenried
1%
HesseB11,207Bad Schwalbach
1%
Rhineland-PalatinateB6,468Bad Sobernheim
1%
BavariaB10,474Bad Staffelstein
1%
ThuringiaB7,678Bad Sulza (incl. Saaleplatte)
1%
Mecklenburg-Western PomeraniaB1,731Bad Sülze
1%
Baden-WürttembergB3,143Bad Teinach-Zavelstein
1%
Baden-WürttembergB20,103Bad Waldsee
1%
Baden-WürttembergB10,386Bad Wildbad
1%
BrandenburgB2,553Bad Wilsnack
1%
Baden-WürttembergB7,308Bad Wimpfen
1%
BavariaB12,195Bad Windsheim
1%
BavariaB16,327Bad Wörishofen
1%
North Rhine-WestphaliaB12,206Bad Wünnenberg
1%
Baden-WürttembergB14,782Bad Wurzach
1%
Saxony-AnhaltB8,883Ballenstedt
1%
North Rhine-WestphaliaB11,217Balve
1%
Saxony-AnhaltB8,226Barby
1%
Schleswig-HolsteinB10,428Barmstedt
1%
North Rhine-WestphaliaB8,501Barntrup
1%
Lower SaxonyB34,394Barsinghausen
1%
Mecklenburg-Western PomeraniaB8,609Barth
1%
BrandenburgB4,225Baruth/Mark
1%
Lower SaxonyB16,072Bassum
1%
Rhineland-PalatinateB4,329Baumholder
1%
BrandenburgB8,070Beeskow
1%
Baden-WürttembergB6,224Beilstein
1%
SaxonyB7,647Belgern-Schildau
1%
North Rhine-WestphaliaB18,502Bergneustadt
1%
SaxonyB6,344Bernsdorf
1%
SaxonyB3,298Bernstadt a. d. Eigen
1%
Lower SaxonyB8,722Bersenbrück
1%
Baden-WürttembergB12,643Besigheim
1%
Rhineland-PalatinateB10,076Betzdorf
1%
North Rhine-WestphaliaB13,064Beverungen
1%
SaarlandB17,565Bexbach
1%
Baden-WürttembergB16,303Blaustein
1%
Lower SaxonyB9,561Bleckede
1%
ThuringiaB10,244Bleicherode
1%
North Rhine-WestphaliaB15,093Blomberg
1%
Baden-WürttembergB10,155Blumberg
1%
BavariaB17,628Bobingen
1%
Lower SaxonyB5,588Bodenwerder
1%
SaxonyB6,662Böhlen
1%
Mecklenburg-Western PomeraniaB10,722Boizenburg/Elbe
1%
Baden-WürttembergB6,953Bonndorf im Schwarzwald
1%
Baden-WürttembergB11,690Bopfingen
1%
North Rhine-WestphaliaB8,501Borgentreich
1%
North Rhine-WestphaliaB8,964Borgholzhausen
1%
Baden-WürttembergB6,718Boxberg
1%
Baden-WürttembergB16,086Brackenheim
1%
North Rhine-WestphaliaB16,125Brakel
1%
SaxonyB9,638Brandis
1%
Rhineland-PalatinateB2,954Braubach
1%
HesseB11,007Braunfels
1%
Lower SaxonyB5,763Braunlage
1%
Baden-WürttembergB5,898Bräunlingen
1%
Saxony-AnhaltB10,426Braunsbedra
1%
North Rhine-WestphaliaB8,912Breckerfeld
1%
Schleswig-HolsteinB5,633Bredstedt
1%
HesseB20,512Bruchköbel
1%
Mecklenburg-Western PomeraniaB2,587Brüel
1%
BavariaB13,406Buchloe
1%
BrandenburgB1,474Buckow (Märkische Schweiz)
1%
Schleswig-HolsteinB10,466Büdelsdorf
1%
ThuringiaB3,047Bürgel
1%
BavariaB13,970Burglengenfeld
1%
Baden-WürttembergB12,241Burladingen
1%
HesseB16,492Bürstadt
1%
Mecklenburg-Western PomeraniaB7,829Bützow
1%
BrandenburgC7,734Calau (Kalawa)
1%
Saxony-AnhaltC8,299Calbe (Saale)
1%
ThuringiaC1,058Clingen
1%
Baden-WürttembergC4,631Creglingen
1%
BavariaC4,994Creußen
1%
Mecklenburg-Western PomeraniaC4,780Crivitz
1%
SaxonyD4,189Dahlen
1%
Mecklenburg-Western PomeraniaD4,331Dargun
1%
Lower SaxonyD9,510Dassel
1%
Mecklenburg-Western PomeraniaD4,102Dassow
1%
Rhineland-PalatinateD3,738Deidesheim
1%
ThuringiaD6,834Dingelstädt
1%
Lower SaxonyD13,158Dinklage
1%
SaxonyD14,180Dippoldiswalde
1%
Lower SaxonyD10,242Dissen am Teutoburger Wald
1%
BrandenburgD8,686Doberlug-Kirchhain
1%
BrandenburgD3,166Döbern (Derbno)
1%
SaxonyD6,163Dohna
1%
Mecklenburg-Western PomeraniaD2,990Dömitz
1%
SaxonyD2,426Dommitzsch
1%
Baden-WürttembergD10,587Donzdorf
1%
Baden-WürttembergD8,095Dornstetten
1%
Lower SaxonyD4,424Dransfeld
1%
BrandenburgD5,508Drebkau (Drjowk)
1%
North Rhine-WestphaliaD15,540Drensteinfurt
1%
North Rhine-WestphaliaD11,640Drolshagen
1%
Baden-WürttembergE15,558Ebersbach an der Fils
1%
SaxonyE11,679Ebersbach-Neugersdorf
1%
Rhineland-PalatinateE6,698Edenkoben
1%
BavariaE13,817Eggenfelden
1%
ThuringiaE7,575Eisfeld
1%
Baden-WürttembergE21,243Eislingen/Fils
1%
Lower SaxonyE9,086Elsfleth
1%
SaxonyE3,828Elsterberg
1%
SaxonyE2,704Elstra
1%
Baden-WürttembergE7,322Elzach
1%
Lower SaxonyE8,975Elze
1%
Baden-WürttembergE10,227Endingen am Kaiserstuhl
1%
Baden-WürttembergE10,942Engen
1%
North Rhine-WestphaliaE20,469Enger
1%
North Rhine-WestphaliaE19,554Ennigerloh
1%
Baden-WürttembergE15,276Eppelheim
1%
Baden-WürttembergE22,024Eppingen
1%
HesseE13,620Eppstein
1%
BavariaE10,235Erlenbach a. Main
1%
HesseE15,428Erlensee
1%
North Rhine-WestphaliaE16,117Erwitte
1%
BavariaE4,237Eschenbach i.d. OPf.
1%
Lower SaxonyE7,310Esens
1%
North Rhine-WestphaliaE24,676Espelkamp
1%
Baden-WürttembergE13,500Ettenheim
1%
Saxony-AnhaltF5,269Falkenstein/Harz
1%
SaxonyF7,888Falkenstein/Vogtl.
1%
BavariaF12,543Feuchtwangen
1%
BavariaF2,203Fladungen
1%
SaxonyF10,607Flöha
1%
HesseF21,695Flörsheim am Main
1%
Mecklenburg-Western PomeraniaF1,364Franzburg
1%
Rhineland-PalatinateF4,923Freinsheim
1%
Lower SaxonyF5,115Freren
1%
Saxony-AnhaltF4,578Freyburg (Unstrut)
1%
Baden-WürttembergF3,111Fridingen an der Donau
1%
SaarlandF9,999Friedrichsthal
1%
Lower SaxonyF22,512Friesoythe
1%
SaxonyF12,420Frohburg
1%
Lower SaxonyF9,520Fürstenau
1%
BrandenburgF5,782Fürstenberg/Havel
1%
Baden-WürttembergF8,960Furtwangen im Schwarzwald
1%
Baden-WürttembergG12,147Gaildorf
1%
Baden-WürttembergG6,370Gammertingen
1%
Schleswig-HolsteinG2,844Garding
1%
BrandenburgG2,524Gartz (Oder)
1%
Mecklenburg-Western PomeraniaG2,215Garz/Rügen
1%
Rhineland-PalatinateG6,873Gau-Algesheim
1%
HesseG11,626Geisenheim
1%
Baden-WürttembergG6,339Geisingen
1%
SaxonyG6,818Geithain
1%
Baden-WürttembergG10,950Gengenbach
1%
Baden-WürttembergG4,297Gerabronn
1%
BavariaG25,380Geretsried
1%
Baden-WürttembergG19,784Gerlingen
1%
Baden-WürttembergG14,147Gernsbach
1%
HesseG10,640Gernsheim
1%
HesseG5,480Gersfeld (Rhön)
1%
BavariaG22,602Gersthofen
1%
Baden-WürttembergG19,711Giengen an der Brenz
1%
HesseG16,843Ginsheim-Gustavsburg
1%
SaxonyG6,730Glashütte
1%
Schleswig-HolsteinG18,380Glinde
1%
Mecklenburg-Western PomeraniaG3,392Goldberg
1%
Saxony-AnhaltG10,484Gommern
1%
Mecklenburg-Western PomeraniaG5,559Grabow
1%
Saxony-AnhaltG11,467Gräfenhainichen
1%
BavariaG6,419Grafenwöhr
1%
BavariaG13,805Grafing b. München
1%
BrandenburgG5,849Gransee
1%
BavariaG7,135Greding
1%
ThuringiaG3,403Greußen
1%
Mecklenburg-Western PomeraniaG10,439Grevesmühlen
1%
SaxonyG6,932Gröditz
1%
SaxonyG7,579Groitzsch
1%
Baden-WürttembergG8,507Großbottwar
1%
SaxonyG18,062Großenhain
1%
HesseG21,234Groß-Umstadt
1%
Baden-WürttembergG6,434Güglingen
1%
BavariaG7,882Gundelfingen a.d. Donau
1%
Baden-WürttembergG7,475Gundelsheim
1%
Rhineland-PalatinateH6,175Hachenburg
1%
HesseH12,626Hadamar
1%
HesseH19,258Haiger
1%
SaxonyH8,531Hainichen
1%
North Rhine-WestphaliaH4,490Hallenberg
1%
BavariaH8,699Hallstadt
1%
North Rhine-WestphaliaH16,108Halver
1%
BavariaH10,906Hammelburg
1%
North Rhine-WestphaliaH25,338Harsewinkel
1%
SaxonyH6,891Hartha
1%
Saxony-AnhaltH7,621Harzgerode
1%
Lower SaxonyH13,141Haselünne
1%
Baden-WürttembergH7,152Haslach im Kinzigtal
1%
Baden-WürttembergH5,759Hausach
1%
BavariaH11,747Hauzenberg
1%
BrandenburgH3,277Havelsee
1%
Baden-WürttembergH2,196Hayingen
1%
North Rhine-WestphaliaH4,312Heimbach
1%
Baden-WürttembergH5,320Heimsheim
1%
Baden-WürttembergH6,437Heitersheim
1%
Lower SaxonyH8,743Hemmoor
1%
Baden-WürttembergH11,706Hemsbach
1%
Baden-WürttembergH11,146Herbolzheim
1%
Baden-WürttembergH13,051Herbrechtingen
1%
Rhineland-PalatinateH6,688Hermeskeil
1%
ThuringiaH8,038Hermsdorf
1%
SaxonyH5,787Herrnhut
1%
Baden-WürttembergH1,777Hettingen
1%
Saxony-AnhaltH13,758Hettstedt
1%
Baden-WürttembergH9,894Heubach
1%
HesseH18,960Heusenstamm
1%
North Rhine-WestphaliaH14,646Hilchenbach
1%
BavariaH5,604Hirschau
1%
BavariaH1,442Hohenberg a.d. Eger
1%
Saxony-AnhaltH9,510Hohenmölsen
1%
SaxonyH14,310Hohenstein-Ernstthal
1%
SaxonyH3,262Hohnstein
1%
Rhineland-PalatinateH9,303Höhr-Grenzhausen
1%
Baden-WürttembergH13,258Holzgerlingen
1%
Rhineland-PalatinateH1,424Hornbach
1%
Baden-WürttembergH4,292Hornberg
1%
North Rhine-WestphaliaH20,335Hörstel
1%
North Rhine-WestphaliaH6,595Horstmar
1%
Lower SaxonyH3,884Hoya
1%
North Rhine-WestphaliaH14,810Hückeswagen
1%
HesseH16,613Hünfeld
1%
HesseH12,642Hungen
1%
BavariaI9,174Ichenhausen
1%
Saxony-AnhaltI9,558Ilsenburg (Harz)
1%
Baden-WürttembergI6,787Ilshofen
1%
HesseI7,031Immenhausen
1%
Baden-WürttembergI5,476Ingelfingen
1%
BavariaI4,725Iphofen
1%
Mecklenburg-Western PomeraniaJ2,941Jarmen
1%
BrandenburgJ3,414Joachimsthal
1%
SaxonyJ2,569Jöhstadt
1%
ThuringiaK6,756Kahla
1%
Saxony-AnhaltK7,498Kalbe (Milde)
1%
Baden-WürttembergK8,287Kandern
1%
HesseK22,562Karben
1%
Rhineland-PalatinateK5,519Kastellaun
1%
Rhineland-PalatinateK2,169Katzenelnbogen
1%
Rhineland-PalatinateK850Kaub
1%
Schleswig-HolsteinK8,144Kellinghusen
1%
HesseK16,983Kelsterbach
1%
Baden-WürttembergK10,394Kenzingen
1%
North Rhine-WestphaliaK16,089Kierspe
1%
HesseK16,239Kirchhain
1%
Rhineland-PalatinateK7,918Kirchheimbolanden
1%
Rhineland-PalatinateK8,241Kirn
1%
SaxonyK5,074Kitzscher
1%
Saxony-AnhaltK9,825Klötze
1%
Mecklenburg-Western PomeraniaK3,082Klütz
1%
Baden-WürttembergK8,068Knittlingen
1%
BavariaK18,534Kolbermoor
1%
ThuringiaK6,278Kölleda
1%
ThuringiaK7,307Königsee
1%
Baden-WürttembergK19,639Korntal-Münchingen
1%
BrandenburgK7,700Kremmen
1%
Schleswig-HolsteinK2,346Krempe
1%
BavariaK13,568Krumbach (Schwaben)
1%
Mecklenburg-Western PomeraniaK7,930Kühlungsborn
1%
Baden-WürttembergK8,372Kuppenheim
1%
Rhineland-PalatinateK935Kyllburg
1%
BrandenburgK9,281Kyritz
1%
Rhineland-PalatinateL8,350Landstuhl
1%
Baden-WürttembergL15,470Langenau
1%
Baden-WürttembergL1,882Langenburg
1%
HesseL14,184Langenselbold
1%
Saxony-AnhaltL2,796Laucha an der Unstrut
1%
BrandenburgL14,070Lauchhammer
1%
Baden-WürttembergL4,715Lauchheim
1%
Baden-WürttembergL9,018Laufenburg (Baden)
1%
BavariaL11,068Lauingen (Donau)
1%
Baden-WürttembergL22,579Laupheim
1%
SaxonyL8,211Lauta
1%
Rhineland-PalatinateL1,978Lauterecken
1%
BrandenburgL3,144Lebus
1%
Baden-WürttembergL11,741Leingarten
1%
BavariaL7,326Leipheim
1%
SaxonyL8,156Leisnig
1%
BrandenburgL2,075Lenzen (Elbe)
1%
SaxonyL11,087Lichtenstein/Sa.
1%
BrandenburgL1,371Lieberose
1%
BavariaL11,512Lindenberg i. Allgäu
1%
BrandenburgL3,030Lindow (Mark)
1%
North Rhine-WestphaliaL12,697Linnich
1%
Baden-WürttembergL7,649Löffingen
1%
HesseL10,399Lollar
1%
SaxonyL4,807Lommatzsch
1%
Lower SaxonyL13,561Löningen
1%
Baden-WürttembergL3,379Löwenstein
1%
Mecklenburg-Western PomeraniaL4,643Lübtheen
1%
Mecklenburg-Western PomeraniaL6,204Lübz
1%
ThuringiaL3,606Lucka
1%
BrandenburgL9,443Luckau
1%
BavariaL3,342Ludwigsstadt
1%
North Rhine-WestphaliaL9,235Lügde
1%
Schleswig-HolsteinL5,305Lütjenburg
1%
BrandenburgL3,154Lychen
1%
ThuringiaM2,019Magdala
1%
BavariaM15,106Mainburg
1%
Mecklenburg-Western PomeraniaM7,341Malchin (incl. Duckow)
1%
Mecklenburg-Western PomeraniaM6,542Malchow
1%
Rhineland-PalatinateM1,416Manderscheid
1%
North Rhine-WestphaliaM4,903Marienmünster
1%
Baden-WürttembergM14,156Markdorf
1%
Baden-WürttembergM14,902Markgröningen
1%
SaxonyM15,824Markranstädt
1%
BavariaM18,683Marktoberdorf
1%
Mecklenburg-Western PomeraniaM4,616Marlow
1%
North Rhine-WestphaliaM19,488Marsberg
1%
Baden-WürttembergM6,632Maulbronn
1%
BavariaM11,817Maxhütte-Haidhof
1%
North Rhine-WestphaliaM7,987Medebach
1%
SaxonyM13,934Meerane
1%
Rhineland-PalatinateM2,789Meisenheim
1%
Schleswig-HolsteinM7,248Meldorf
1%
BavariaM5,504Mellrichstadt
1%
Rhineland-PalatinateM8,932Mendig
1%
Baden-WürttembergM9,876Mengen
1%
Baden-WürttembergM8,428Meßkirch
1%
Baden-WürttembergM10,714Meßstetten
1%
BrandenburgM9,428Mittenwalde
1%
SaxonyM14,356Mittweida
1%
Saxony-AnhaltM12,935Möckern
1%
Baden-WürttembergM8,216Möckmühl
1%
BavariaM18,893Moosburg a.d. Isar
1%
Lower SaxonyM6,941Moringen
1%
Baden-WürttembergM20,494Mössingen
1%
SaxonyM5,855Mügeln
1%
BrandenburgM4,632Müllrose
1%
BavariaM10,136Münchberg
1%
BrandenburgM7,003Müncheberg
1%
Baden-WürttembergM5,430Munderkingen
1%
BavariaM7,523Münnerstadt
1%
Baden-WürttembergM14,480Münsingen
1%
Rhineland-PalatinateM3,445Münstermaifeld
1%
Baden-WürttembergM14,026Murrhardt
1%
BavariaN6,173Nabburg
1%
BavariaN7,590Naila
1%
Rhineland-PalatinateN4,265Nastätten
1%
SaxonyN8,721Naunhof
1%
Saxony-AnhaltN3,044Nebra (Unstrut)
1%
Baden-WürttembergN4,072Neckarbischofsheim
1%
Baden-WürttembergN13,349Neckargemünd
1%
HesseN3,854Neckarsteinach
1%
Baden-WürttembergN7,991Neresheim
1%
North Rhine-WestphaliaN23,033Netphen
1%
Lower SaxonyN10,228Neuenhaus
1%
North Rhine-WestphaliaN11,772Neuenrade
1%
Baden-WürttembergN10,214Neuenstadt am Kocher
1%
Baden-WürttembergN6,621Neuenstein
1%
Rhineland-PalatinateN1,512Neuerburg
1%
Baden-WürttembergN6,247Neuffen
1%
Mecklenburg-Western PomeraniaN1,747Neukalen
1%
BavariaN8,345Neunburg vorm Wald
1%
BavariaN8,852Neuötting
1%
BavariaN22,482Neusäß
1%
BavariaN14,018Neutraubling
1%
HesseN9,917Niddatal
1%
HesseN20,556Nidderau
1%
North Rhine-WestphaliaN10,155Nideggen
1%
Baden-WürttembergN4,073Niedernhall
1%
Rhineland-PalatinateN10,208Nieder-Olm
1%
Baden-WürttembergN4,721Niederstotzingen
1%
North Rhine-WestphaliaN6,026Nieheim
1%
BrandenburgN2,005Niemegk
1%
Rhineland-PalatinateN8,441Nierstein
1%
SaxonyN9,198Niesky
1%
BavariaN9,053Nittenau
1%
SaxonyN10,510Nossen
1%
ThuringiaN5,742Nottertal-Heilinger Höhen
1%
Saxony-AnhaltO10,062Oberharz am Brocken
1%
Baden-WürttembergO19,944Oberkirch
1%
Baden-WürttembergO7,870Oberkochen
1%
BavariaO8,696Obernburg a. Main
1%
Baden-WürttembergO14,246Oberndorf am Neckar
1%
HesseO24,977Obertshausen
1%
Rhineland-PalatinateO2,804Oberwesel
1%
SaxonyO2,055Oberwiesenthal
1%
BavariaO11,248Ochsenfurt
1%
Baden-WürttembergO8,935Ochsenhausen
1%
Saxony-AnhaltO13,555Oebisfelde-Weferlingen
1%
SaxonyO10,983Oelsnitz/Erzgeb.
1%
SaxonyO10,045Oelsnitz/Vogtl.
1%
North Rhine-WestphaliaO17,065Oerlinghausen
1%
ThuringiaO9,652Ohrdruf
1%
SaxonyO10,694Olbernhau
1%
North Rhine-WestphaliaO14,432Olsberg
1%
Baden-WürttembergO4,796Oppenau
1%
Saxony-AnhaltO8,206Oranienbaum-Wörlitz
1%
ThuringiaO1,087Orlamünde
1%
BrandenburgO2,033Ortrand
1%
Baden-WürttembergO6,549Osterburken
1%
Saxony-AnhaltO11,016Osterwieck
1%
BavariaO3,290Ostheim v.d. Rhön
1%
SaxonyO2,215Ostritz
1%
Rhineland-PalatinateO5,309Otterberg
1%
Baden-WürttembergO3,382Owen
1%
BavariaP7,272Parsberg
1%
Lower SaxonyP14,625Pattensen
1%
SaxonyP6,504Pegau
1%
BrandenburgP4,372Peitz (Picnjo)
1%
Mecklenburg-Western PomeraniaP1,765Penkun
1%
BavariaP16,510Penzberg
1%
BavariaP13,005Pfarrkirchen
1%
Baden-WürttembergP18,778Pfullingen
1%
Baden-WürttembergP13,723Philippsburg
1%
BavariaP16,186Pocking
1%
HesseP18,049Pohlheim
1%
BavariaP21,235Puchheim
1%
SaxonyP7,433Pulsnitz
1%
Mecklenburg-Western PomeraniaP4,487Putbus
1%
North Rhine-WestphaliaR21,963Radevormwald
1%
Saxony-AnhaltR8,931Raguhn-Jeßnitz
1%
North Rhine-WestphaliaR15,404Rahden
1%
BavariaR9,002Rain
1%
Baden-WürttembergR8,752Rauenberg
1%
HesseR16,096Raunheim
1%
Lower SaxonyR10,179Rehburg-Loccum
1%
Schleswig-HolsteinR9,042Reinfeld (Holstein)
1%
Baden-WürttembergR26,508Remseck am Neckar
1%
Baden-WürttembergR7,387Renchen
1%
Baden-WürttembergR18,535Renningen
1%
Baden-WürttembergR11,322Rheinau
1%
Rhineland-PalatinateR4,103Rheinböllen
1%
Rhineland-PalatinateR2,982Rhens
1%
Baden-WürttembergR10,670Riedlingen
1%
HesseR24,004Riedstadt
1%
North Rhine-WestphaliaR29,432Rietberg
1%
Mecklenburg-Western PomeraniaR4,999Röbel/Müritz
1%
SaxonyR5,658Rochlitz
1%
HesseR28,344Rödermark
1%
ThuringiaR4,953Ronneburg
1%
Baden-WürttembergR6,383Rosenfeld
1%
HesseR2,158Rosenthal
1%
SaxonyR6,200Rötha
1%
ThuringiaR5,406Ruhla
1%
BrandenburgR3,739Ruhland
1%
HesseR9,351Runkel
1%
Baden-WürttembergR10,875Rutesheim
1%
North Rhine-WestphaliaR10,565Rüthen
1%
ThuringiaS3,292Saalburg-Ebersdorf
1%
Baden-WürttembergS19,120Sachsenheim
1%
Saxony-AnhaltS14,364Sandersdorf-Brehna
1%
Rhineland-PalatinateS1,268Sankt Goarshausen
1%
Lower SaxonyS19,392Sarstedt
1%
North Rhine-WestphaliaS14,215Sassenberg
1%
Baden-WürttembergS2,472Scheer
1%
North Rhine-WestphaliaS8,355Schieder-Schwalenberg
1%
ThuringiaS8,832Schleiz
1%
ThuringiaS10,801Schleusingen
1%
HesseS9,666Schlitz
1%
HesseS15,847Schlüchtern
1%
ThuringiaS13,604Schmölln
1%
SaxonyS13,790Schneeberg
1%
Lower SaxonyS18,881Schneverdingen
1%
Baden-WürttembergS4,754Schömberg
1%
SaxonyS3,114Schöneck/Vogtl.
1%
BrandenburgS3,056Schönewalde
1%
Lower SaxonyS11,214Schöningen
1%
Baden-WürttembergS19,763Schopfheim
1%
Lower SaxonyS20,483Schortens
1%
HesseS10,045Schotten
1%
Baden-WürttembergS21,059Schramberg
1%
Baden-WürttembergS14,921Schriesheim
1%
Lower SaxonyS12,937Schüttorf
1%
BavariaS14,335Schwabmünchen
1%
Baden-WürttembergS11,481Schwaigern
1%
HesseS15,372Schwalbach am Taunus
1%
HesseS18,091Schwalmstadt
1%
Schleswig-HolsteinS16,560Schwarzenbek
1%
Rhineland-PalatinateS7,866Schweich
1%
Schleswig-HolsteinS13,769Schwentinental
1%
SaxonyS9,365Sebnitz
1%
Saxony-AnhaltS4,817Seehausen (Altmark)
1%
Lower SaxonyS34,260Seelze
1%
Lower SaxonyS19,111Seesen
1%
Lower SaxonyS23,554Sehnde
1%
SaxonyS3,622Seifhennersdorf
1%
Rhineland-PalatinateS2,819Selters (Westerwald)
1%
North Rhine-WestphaliaS13,289Sendenhorst
1%
BavariaS10,055Simbach a. Inn
1%
Rhineland-PalatinateS7,860Simmern/Hunsrück
1%
HesseS13,641Solms
1%
BrandenburgS3,154Sonnewalde
1%
Baden-WürttembergS13,187Spaichingen
1%
Rhineland-PalatinateS3,624Speicher
1%
North Rhine-WestphaliaS14,419Spenge
1%
HesseS21,263Stadtallendorf
1%
ThuringiaS6,590Stadtroda
1%
SaxonyS1,565Stadt Wehlen
1%
Saxony-AnhaltS24,618Staßfurt
1%
HesseS8,448Staufenberg
1%
Mecklenburg-Western PomeraniaS5,721Stavenhagen
1%
Baden-WürttembergS3,982St. Blasien
1%
HesseS10,192Steinau an der Straße
1%
Mecklenburg-Western PomeraniaS4,120Sternberg
1%
Baden-WürttembergS13,035St. Georgen im Schwarzwald
1%
Baden-WürttembergS17,116Stockach
1%
BrandenburgS9,352Storkow (Mark)
1%
SaxonyS3,688Strehla
1%
Baden-WürttembergS5,385Stühlingen
1%
Saxony-AnhaltS13,227Südliches Anhalt
1%
Lower SaxonyS12,886Sulingen
1%
Baden-WürttembergS2,732Sulzburg
1%
Baden-WürttembergS10,155Süßen
1%
ThuringiaT4,381Tambach-Dietharz/Thür. Wald
1%
Saxony-AnhaltT10,612Tangerhütte
1%
BavariaT3,652Tegernsee
1%
Baden-WürttembergT4,690Tengen
1%
Mecklenburg-Western PomeraniaT3,997Tessin
1%
Mecklenburg-Western PomeraniaT8,334Teterow
1%
Baden-WürttembergT19,589Tettnang
1%
SaxonyT5,416Tharandt
1%
BavariaT5,825Tittmoning
1%
Baden-WürttembergT4,823Todtnau
1%
Mecklenburg-Western PomeraniaT8,972Torgelow
1%
Schleswig-HolsteinT14,131Tornesch
1%
BavariaT20,951Traunreut
1%
BrandenburgT9,728Trebbin
1%
SaxonyT3,795Trebsen/Mulde
1%
BavariaT13,099Treuchtlingen
1%
SaxonyT7,790Treuen
1%
BrandenburgT7,423Treuenbrietzen
1%
Baden-WürttembergT4,656Triberg im Schwarzwald
1%
Baden-WürttembergT17,023Trossingen
1%
BavariaT11,273Trostberg
1%
Lower SaxonyT12,423Twistringen
1%
BrandenburgU5,233Uebigau-Wahrenbrück
1%
Schleswig-HolsteinU18,595Uetersen
1%
BavariaU6,564Uffenheim
1%
Baden-WürttembergU14,479Uhingen
1%
Rhineland-PalatinateU3,377Ulmen
1%
Rhineland-PalatinateU4,971Unkel
1%
HesseU14,722Usingen
1%
ThuringiaV5,055Vacha
1%
Rhineland-PalatinateV8,764Vallendar
1%
BavariaV1,813Velden
1%
HesseV18,224Vellmar
1%
BrandenburgV7,862Vetschau/Spreewald (Wětošow/Błota)
1%
BavariaV8,446Viechtach
1%
BavariaV12,231Vilsbiburg
1%
BavariaV6,387Vilseck
1%
Lower SaxonyV9,579Visselhövede
1%
Baden-WürttembergV6,121Vogtsburg im Kaiserstuhl
1%
BavariaV8,541Vohburg a.d. Donau
1%
BavariaV7,518Vohenstrauß
1%
BavariaV13,780Vöhringen
1%
BavariaV8,796Volkach
1%
HesseV6,704Volkmarsen
1%
HesseW12,719Wächtersbach
1%
Baden-WürttembergW21,079Waghäusel
1%
North Rhine-WestphaliaW19,599Waldbröl
1%
Baden-WürttembergW8,748Waldenbuch
1%
Baden-WürttembergW3,025Waldenburg
1%
SaxonyW4,059Waldenburg
1%
BavariaW10,732Waldkirchen
1%
BavariaW23,604Waldkraiburg
1%
BavariaW6,626Waldsassen
1%
Baden-WürttembergW11,601Walldürn
1%
ThuringiaW12,712Waltershausen
1%
North Rhine-WestphaliaW18,830Wassenberg
1%
Lower SaxonyW15,822Weener
1%
North Rhine-WestphaliaW28,130Wegberg
1%
Baden-WürttembergW13,140Wehr
1%
ThuringiaW8,318Weida
1%
Baden-WürttembergW7,439Weikersheim
1%
Baden-WürttembergW12,446Weinsberg
1%
Baden-WürttembergW11,160Welzheim
1%
Saxony-AnhaltW1,017Werben (Elbe)
1%
SaxonyW20,471Werdau
1%
North Rhine-WestphaliaW17,660Werdohl
1%
Lower SaxonyW10,308Werlte
1%
Baden-WürttembergW12,275Wernau (Neckar)
1%
North Rhine-WestphaliaW11,091Werther (Westf.)
1%
Schleswig-HolsteinW3,470Wesselburen
1%
Rhineland-PalatinateW5,739Westerburg
1%
Lower SaxonyW23,232Westerstede
1%
Saxony-AnhaltW9,821Wettin-Löbejün
1%
North Rhine-WestphaliaW25,199Wiehl
1%
Lower SaxonyW13,339Wiesmoor
1%
BrandenburgW10,633Wildau
1%
Baden-WürttembergW10,183Wildberg
1%
Lower SaxonyW20,454Wildeshausen
1%
Schleswig-HolsteinW4,301Wilster
1%
Rhineland-PalatinateW5,474Wirges
1%
Lower SaxonyW11,357Wittingen
1%
HesseW15,003Witzenhausen
1%
Mecklenburg-Western PomeraniaW4,308Woldegk
1%
Baden-WürttembergW5,760Wolfach
1%
BavariaW3,119Wolframs-Eschenbach
1%
Saxony-AnhaltW11,376Wolmirstedt
1%
BrandenburgW7,125Wriezen
1%
Mecklenburg-Western PomeraniaZ5,369Zarrentin am Schaalsee
1%
BrandenburgZ13,307Zehdenick
1%
BavariaZ5,617Zeil a. Main
1%
ThuringiaZ16,194Zeulenroda-Triebes
1%
Lower SaxonyZ13,876Zeven
1%
HesseZ6,547Zierenberg
1%
BrandenburgZ2,503Ziesar
1%
Saxony-AnhaltZ9,123Zörbig
1%
SaxonyZ9,024Zschopau
1%
SaxonyZ9,273Zwenkau
1%
BavariaZ9,179Zwiesel
1%
HesseZ7,291Zwingenberg
1%
SaxonyZ11,861Zwönitz
1%
ThuringiaA7,100Am Ettersberg
0%
ThuringiaB7,665Bad Liebenstein
0%
ThuringiaB5,843Bad Lobenstein
0%
ThuringiaB2,474Bad Tennstedt
0%
BavariaB7,945Baiersdorf
0%
BavariaB3,055Bärnau
0%
BavariaB3,957Baunach
0%
BavariaB9,908Beilngries
0%
BavariaB8,864Berching
0%
BavariaB2,482Betzenstein
0%
BrandenburgB6,029Biesenthal
0%
ThuringiaB6,502Blankenhain
0%
Lower SaxonyB9,780Bockenem
0%
Baden-WürttembergB8,190Bönnigheim
0%
HesseB7,496Breuberg
0%
BrandenburgB1,804Brüssow
0%
BavariaB3,368Burgbernheim
0%
BavariaB6,399Burgkunstadt
0%
Rhineland-PalatinateD4,214Daaden
0%
BavariaD7,266Dettelbach
0%
HesseD5,213Diemelstadt
0%
Rhineland-PalatinateD5,767Dierdorf
0%
Baden-WürttembergD6,798Dietenheim
0%
BavariaD6,150Dietfurt a.d. Altmühl
0%
Baden-WürttembergD6,105Dornhan
0%
ThuringiaE2,658Ebeleben
0%
BavariaE6,951Ebermannstadt
0%
BavariaE7,230Ebern
0%
Saxony-AnhaltE2,322Eckartsberga
0%
Saxony-AnhaltE3,200Egeln
0%
Mecklenburg-Western PomeraniaE4,711Eggesin
0%
SaxonyE4,638Ehrenfriedersdorf
0%
BavariaE3,094Eibelstadt
0%
SaxonyE7,193Eibenstock
0%
BavariaE3,960Ellingen
0%
ThuringiaE5,394Ellrich
0%
SaxonyE2,809Elterlein
0%
BavariaE5,370Eltmann
0%
Rhineland-PalatinateE4,967Emmelshausen
0%
BavariaE5,032Erbendorf
0%
Lower SaxonyE3,461Eschershausen
0%
HesseF10,568Felsberg
0%
HesseF8,803Florstadt
0%
Baden-WürttembergF5,141Forchtenberg
0%
HesseF2,875Frankenau
0%
SaxonyF2,733Frauenstein
0%
BavariaF9,118Freystadt
0%
ThuringiaF7,164Friedrichroda
0%
BrandenburgF2,496Friesack
0%
Mecklenburg-Western PomeraniaG5,461Gadebusch
0%
ThuringiaG2,118Gebesee
0%
HesseG7,259Gedern
0%
ThuringiaG2,465Gefell
0%
BavariaG4,251Gefrees
0%
Lower SaxonyG15,012Gehrden
0%
ThuringiaG4,760Geisa
0%
BavariaG6,912Geiselhöring
0%
BavariaG11,520Geisenfeld
0%
Saxony-AnhaltG6,964Gerbstedt
0%
SaxonyG4,212Geringswalde
0%
BavariaG6,847Gerolzhofen
0%
SaxonyG3,385Geyer
0%
HesseG12,285Gladenbach
0%
Mecklenburg-Western PomeraniaG2,898Gnoien
0%
BavariaG3,479Goldkronach
0%
BrandenburgG2,507Golßen
0%
ThuringiaG3,389Gößnitz
0%
BavariaG4,177Gräfenberg
0%
ThuringiaG1,897Gräfenthal
0%
HesseG2,376Grebenau
0%
HesseG5,720Grebenstein
0%
HesseG6,323Großalmerode
0%
HesseG4,677Groß-Bieberau
0%
ThuringiaG6,104Großbreitenbach
0%
ThuringiaG2,321Großenehrich
0%
BrandenburgG8,455Großräschen (Rań)
0%
SaxonyG9,659Großröhrsdorf
0%
SaxonyG5,580Großschirma
0%
SaxonyG5,768Grünhain-Beierfeld
0%
Baden-WürttembergG3,629Grünsfeld
0%
HesseG9,761Gudensberg
0%
Saxony-AnhaltG4,074Güsten
0%
Mecklenburg-Western PomeraniaG2,967Gützkow
0%
Rhineland-PalatinateH5,456Hagenbach
0%
Baden-WürttembergH10,775Haigerloch
0%
Baden-WürttembergH5,969Haiterbach
0%
Lower SaxonyH7,584Hardegsen
0%
SaxonyH4,503Hartenstein
0%
HesseH2,939Hatzfeld (Eder)
0%
Saxony-AnhaltH6,877Hecklingen
0%
BavariaH4,653Heideck
0%
BavariaH9,739Heilsbronn
0%
ThuringiaH3,374Heldburg (incl. Bad Colberg, Hellingen)
0%
BavariaH8,454Helmbrechts
0%
BavariaH9,317Hemau
0%
Lower SaxonyH18,941Hemmingen
0%
HesseH4,709Herbstein
0%
Rhineland-PalatinateH6,559Herdorf
0%
ThuringiaH4,727Heringen/Helme
0%
HesseH7,146Heringen (Werra)
0%
BavariaH8,101Herrieden
0%
BavariaH12,459Hersbruck
0%
Rhineland-PalatinateH3,210Hillesheim
0%
BavariaH13,841Hilpoltstein
0%
ThuringiaH2,099Hirschberg
0%
HesseH3,410Hirschhorn (Neckar)
0%
Lower SaxonyH4,973Hitzacker (Elbe)
0%
ThuringiaH1,388Hohenleuben
0%
BavariaH5,024Hollfeld
0%
Baden-WürttembergH7,891Hüfingen
0%
Rhineland-PalatinateK3,172Kaisersesch
0%
Saxony-AnhaltK3,305Kelbra (Kyffhäuser)
0%
Saxony-AnhaltK9,544Kemberg
0%
BavariaK5,500Kemnath
0%
BrandenburgK6,595Ketzin/Havel
0%
BavariaK3,166Kirchenlamitz
0%
HesseK3,151Kirtorf
0%
BavariaK6,234Klingenberg a. Main
0%
SaxonyK4,565Königsbrück
0%
Saxony-AnhaltK8,241Könnern
0%
Baden-WürttembergK14,686Kraichtal
0%
ThuringiaK3,340Kranichfeld
0%
Baden-WürttembergK4,640Krautheim
0%
Mecklenburg-Western PomeraniaK4,789Kröpelin
0%
Saxony-AnhaltK1,402Kroppenstedt
0%
Baden-WürttembergK5,219Külsheim
0%
BavariaK1,067Kupferberg
0%
Baden-WürttembergL11,951Laichingen
0%
Rhineland-PalatinateL4,040Lambrecht (Pfalz)
0%
Lower SaxonyL11,245Langelsheim
0%
BavariaL10,652Langenzenn
0%
Mecklenburg-Western PomeraniaL1,468Lassan
0%
HesseL9,604Laubach
0%
ThuringiaL3,214Lauscha
0%
Baden-WürttembergL2,583Lauterstein
0%
ThuringiaL1,643Lehesten
0%
SaxonyL7,042Lengenfeld
0%
ThuringiaL2,057Leutenberg
0%
BavariaL5,624Leutershausen
0%
HesseL2,977Liebenau
0%
BrandenburgL4,368Liebenwalde
0%
SaxonyL1,273Liebstadt
0%
HesseL5,084Lindenfels
0%
Mecklenburg-Western PomeraniaL4,262Loitz
0%
SaxonyL8,074Lößnitz
0%
SaxonyL7,907Lugau/Erzgeb.
0%
SaxonyL4,133Lunzenau
0%
BavariaM2,283Mainbernheim
0%
SaxonyM7,362Markneukirchen
0%
BavariaM3,973Marktbreit
0%
BavariaM11,243Marktheidenfeld
0%
BavariaM2,999Marktleuthen
0%
BavariaM1,995Marktsteft
0%
BavariaM3,067Merkendorf
0%
BrandenburgM2,111Meyenburg
0%
Mecklenburg-Western PomeraniaM3,883Mirow
0%
BavariaM6,495Mitterteich
0%
Saxony-AnhaltM8,541Mücheln (Geiseltal)
0%
ThuringiaM2,929Münchenbernsdorf
0%
HesseM5,835Münzenberg
0%
SaxonyN3,770Netzschkau
0%
HesseN14,619Neu-Anspach
0%
Mecklenburg-Western PomeraniaN3,937Neubukow
0%
Baden-WürttembergN5,731Neubulach
0%
Baden-WürttembergN5,302Neudenau
0%
Mecklenburg-Western PomeraniaN4,020Neukloster
0%
HesseN5,392Niedenstein
0%
Baden-WürttembergN4,800Niederstetten
0%
Saxony-AnhaltN6,104Nienburg (Saale)
0%
Schleswig-HolsteinN6,912Nortorf
0%
BavariaO17,737Oberasbach
0%
SaxonyO5,851Oberlungwitz
0%
Rhineland-PalatinateO1,056Obermoschel
0%
Lower SaxonyO9,240Obernkirchen
0%
Baden-WürttembergO3,298Oberriexingen
0%
BavariaO5,019Oberviechtach
0%
HesseO10,153Oberzent
0%
BrandenburgO2,134Oderberg
0%
SaxonyO7,876Oederan
0%
BavariaO1,653Ornbau
0%
HesseO8,973Ortenberg
0%
Saxony-AnhaltO2,436Osterfeld
0%
BavariaO11,816Osterhofen
0%
Rhineland-PalatinateO9,569Osthofen
0%
Baden-WürttembergÖ13,038Östringen
0%
Lower SaxonyO7,449Otterndorf
0%
BavariaP3,924Pappenheim
0%
SaxonyP4,845Pausa-Mühltroff
0%
SaxonyP8,624Penig
0%
Mecklenburg-Western PomeraniaP4,175Penzlin
0%
BavariaP5,301Pfreimd
0%
BavariaP2,327Pleystein
0%
SaxonyP7,472Pockau-Lengefeld
0%
Rhineland-PalatinateP6,866Polch
0%
BavariaP5,183Pottenstein
0%
BrandenburgP8,368Premnitz
0%
BavariaP4,263Pressath
0%
BavariaP3,057Prichsenstadt
0%
BrandenburgP2,654Putlitz
0%
SaxonyR4,400Rabenau
0%
ThuringiaR1,657Ranis
0%
Rhineland-PalatinateR7,860Ransbach-Baumbach
0%
ThuringiaR2,493Rastenberg
0%
HesseR4,410Rauschenberg
0%
Baden-WürttembergR2,938Ravenstein
0%
SaxonyR3,821Regis-Breitingen
0%
BavariaR9,319Rehau
0%
Mecklenburg-Western PomeraniaR3,592Rehna
0%
HesseR6,826Reichelsheim (Wetterau)
0%
HesseR16,426Reinheim
0%
Rhineland-PalatinateR4,374Rennerod
0%
Mecklenburg-Western PomeraniaR2,169Rerik
0%
Lower SaxonyR2,297Rethem (Aller)
0%
BrandenburgR1,596Rhinow
0%
Mecklenburg-Western PomeraniaR1,331Richtenberg
0%
BavariaR6,119Riedenburg
0%
BavariaR1,914Rieneck
0%
Rhineland-PalatinateR5,373Rockenhausen
0%
Rhineland-PalatinateR6,681Rodalben
0%
Lower SaxonyR6,568Rodenberg
0%
BavariaR13,082Rödental
0%
SaxonyR6,361Rodewisch
0%
ThuringiaR6,747Römhild
0%
HesseR2,676Romrod
0%
Lower SaxonyR24,403Ronnenberg
0%
HesseR12,863Rosbach v. d. Höhe
0%
ThuringiaR7,344Roßleben-Wiehe
0%
SaxonyR7,410Roßwein
0%
BavariaR12,370Röthenbach a.d. Pegnitz
0%
BavariaR1,001Rothenfels
0%
BavariaR1,652Röttingen
0%
BavariaR3,357Rötz
0%
Lower SaxonyS1,980Sachsenhagen
0%
Saxony-AnhaltS828Sandau (Elbe)
0%
SaxonyS1,713Sayda
0%
ThuringiaS3,278Schalkau (incl. Bachfeld)
0%
BavariaS1,897Schauenstein
0%
SaxonyS2,054Scheibenberg
0%
BavariaS4,700Scheinfeld
0%
Baden-WürttembergS6,870Schelklingen
0%
BavariaS7,232Scheßlitz
0%
BavariaS2,823Schillingsfürst
0%
Baden-WürttembergS3,801Schiltach
0%
SaxonyS6,142Schirgiswalde-Kirschau
0%
ThuringiaS2,593Schkölen
0%
SaxonyS2,345Schlettau
0%
BrandenburgS2,420Schlieben
0%
BavariaS5,965Schlüsselfeld
0%
Lower SaxonyS531Schnackenburg
0%
BavariaS4,183Schnaittenbach
0%
BavariaS2,387Schönsee
0%
BavariaS3,215Schönwald
0%
Lower SaxonyS5,484Schöppenstedt
0%
Saxony-AnhaltS1,077Schraplau
0%
Baden-WürttembergS5,797Schrozberg
0%
Saxony-AnhaltS2,426Schwanebeck
0%
ThuringiaS3,504Schwarzatal
0%
BavariaS6,865Schwarzenbach a.d. Saale
0%
BavariaS4,351Schwarzenbach a. Wald
0%
HesseS1,200Schwarzenborn
0%
BrandenburgS5,568Schwarzheide
0%
Saxony-AnhaltS7,796Seeland
0%
BavariaS4,275Selbitz
0%
BavariaS3,949Seßlach
0%
HesseS7,693Sontra
0%
BavariaS5,087Spalt
0%
HesseS6,039Spangenberg
0%
BavariaS15,222Stadtbergen
0%
ThuringiaS8,428Stadtilm
0%
Lower SaxonyS5,636Stadtoldendorf
0%
BavariaS1,536Stadtprozelten
0%
BavariaS3,113Stadtsteinach
0%
ThuringiaS3,762Steinach
0%
SaxonyS5,564Stolpen
0%
Saxony-AnhaltS912Stößen
0%
Rhineland-PalatinateS3,381Stromberg
0%
ThuringiaT3,507Tanna
0%
BavariaT7,683Teublitz
0%
Saxony-AnhaltT8,014Teuchern
0%
BrandenburgT1,885Teupitz
0%
BavariaT1,957Teuschnitz
0%
SaxonyT5,968Thalheim/Erzgeb.
0%
BavariaT6,351Thannhausen
0%
ThuringiaT2,771Themar
0%
SaxonyT5,056Thum
0%
BavariaT9,249Töging a. Inn
0%
ThuringiaT5,936Treffurt
0%
HesseT4,866Trendelburg
0%
Mecklenburg-Western PomeraniaT2,598Tribsees
0%
ThuringiaT3,597Triptis
0%
Baden-WürttembergT6,330Trochtelfingen
0%
HesseU2,908Ulrichstein
0%
ThuringiaU468Ummerstadt
0%
BavariaV5,350Velburg
0%
Baden-WürttembergV4,557Vellberg
0%
Baden-WürttembergV2,123Veringenstadt
0%
Baden-WürttembergV3,783Vöhrenbach
0%
Rhineland-PalatinateW4,585Wachenheim an der Weinstraße
0%
Schleswig-HolsteinW9,839Wahlstedt
0%
Baden-WürttembergW5,644Waibstadt
0%
BavariaW3,055Waischenfeld
0%
BavariaW4,256Waldershof
0%
HesseW4,228Waldkappel
0%
BavariaW6,615Waldmünchen
0%
BavariaW2,589Wallenfels
0%
HesseW4,190Wanfried
0%
BavariaW6,063Wassertrüdingen
0%
Saxony-AnhaltW2,474Wegeleben
0%
BavariaW4,727Weismain
0%
BavariaW13,699Weißenhorn
0%
ThuringiaW3,634Weißensee
0%
BavariaW3,095Weißenstadt
0%
Rhineland-PalatinateW9,191Weißenthurm
0%
BrandenburgW3,317Welzow (Wjelcej)
0%
BavariaW5,817Wemding
0%
BrandenburgW9,226Werneuchen
0%
ThuringiaW6,347Werra-Suhl-Tal
0%
BavariaW9,356Wertingen
0%
Mecklenburg-Western PomeraniaW3,057Wesenberg
0%
Baden-WürttembergW1,854Widdern
0%
Baden-WürttembergW2,034Wiesensteig
0%
SaxonyW3,565Wildenfels
0%
SaxonyW9,531Wilkau-Haßlau
0%
North Rhine-WestphaliaW8,154Willebadessen
0%
SaxonyW14,444Wilsdruff
0%
SaxonyW4,786Wilthen
0%
BavariaW4,923Windischeschenbach
0%
BavariaW6,151Windsbach
0%
SaxonyW5,723Wittichenau (Kulow)
0%
HesseW13,074Wolfhagen
0%
Rhineland-PalatinateW1,888Wolfstein
0%
SaxonyW3,886Wolkenstein
0%
Rhineland-PalatinateW8,012Wörrstadt
0%
ThuringiaW3,036Wurzbach
0%
Lower SaxonyW2,790Wustrow (Wendland)
0%
ThuringiaZ640Ziegenrück
0%

Score Distribution

Percentile by Number Answered

Percent of People with Each Score

Your Score History

You have not taken this quiz